{"text_format":"1","workbook":"xlsx","n_sheets":9,"sheets":["Home","40-now","report1","report2","report3","report4","ทะเบียนคุมทรัพย์สิน"," Search","Sheet2"],"not_rendered":{"charts":0,"images":13,"macros":1,"external_links":0,"defined_names":5,"comments":2,"pivot_tables":4},"unopened":[],"bounds":{"document_bytes":16777216,"sheet_cells":100000,"rows_first":2000,"rows_last":500,"rows_between":2000,"halvings":0,"cell_chars":16384,"cell_head_chars":4096},"cells_cut":0,"cells_raw":0,"read":"whole","date_system":"1900"}

{"sheet":"Home","index":0,"n_rows":0,"n_cols":0,"rows_kept":0,"cut":false,"hidden":false,"merged":[[1,1,27,13]]}

{"sheet":"40-now","index":1,"n_rows":102,"n_cols":78,"rows_kept":102,"cut":false,"hidden":false,"merged":[[0,0,0,77],[1,0,1,77]]}
["มหาวิทยาลัยราชภัฏราชนครินทร์"]
["บัญชีรายการค่าเสื่อมราคาและค่าเสื่อมราคาสะสม ครุภัณฑ์ ประจำปีงบประมาณ  2559"]
[{"$f":"A2+1","v":{"$error":"#VALUE!"}}," "," "," "," "," "," "," "," "," "," ",{"$f":"CONCATENATE(BS3,\".\",BT3,\".\",BU3)","v":" . . "},{"$f":"IF(BV3=\"จำหน่าย\",0,SUM(J3*K3))","v":{"$error":"#VALUE!"}},{"$f":"IF(K3<5000,0,M3)","v":{"$error":"#VALUE!"}}," ",{"$f":"DATE(YEAR(C3)+O3,MONTH(C3),DAY(C3))","v":{"$error":"#VALUE!"}},{"$f":"IF(NOT(OR(ISBLANK(P3),ISBLANK(C3))),P3-C3,\"\")","v":{"$error":"#VALUE!"}},{"$f":"SLN(N3,,O3)","v":{"$error":"#VALUE!"}},{"$f":"SLN(R3,,12)","v":{"$error":"#VALUE!"}},{"$f":"SLN(N3,,Q3)","v":{"$error":"#VALUE!"}},{"$f":"IF(N3=0,0,IF(AE3<=Q3,1,0))","v":{"$error":"#VALUE!"}},{"$f":"SUM(R3*U3/12)","v":{"$error":"#VALUE!"}},{"$f":"IF(N3=0,0,IF((R3*AB3)+(R3*AC3/12)>=N3,N3-J3,((R3*AB3)+(R3*AC3/12))))","v":{"$error":"#VALUE!"}},{"$f":"SUM(T3*U3)","v":{"$error":"#VALUE!"}},{"$f":"IF(N3=0,0,IF((DATEDIF(C3,TODAY(),\"d\")+1)*T3>=N3,N3-J3,(DATEDIF(C3,TODAY(),\"d\")+1)*T3))","v":{"$error":"#VALUE!"}},{"$f":"IF(U3=0,0,IF(OR(DAY(C3)=1,MONTH(C3)<>MONTH(TODAY()),YEAR(C3)<>YEAR(TODAY())),T3*((DAY(DATE(YEAR(TODAY()),MONTH(TODAY())+1,1)-1))),T3*((DAY(DATE(YEAR(TODAY()),MONTH(TODAY())+1,1)-1)-DAY(C3)+1))))","v":{"$error":"#VALUE!"}},{"$f":"IF(N3=0,0,IF(X3>=N3,(J3),(N3-Y3)))","v":{"$error":"#VALUE!"}},{"$f":"DATEDIF(C3,TODAY(),\"Y\")","v":{"$error":"#VALUE!"}},{"$f":"DATEDIF(C3,TODAY(),\"YM\")","v":{"$error":"#VALUE!"}},{"$f":"DATEDIF(C3,TODAY(),\"md\")+1","v":{"$error":"#VALUE!"}},{"$f":"DATEDIF(C3,TODAY(),\"d\")+1","v":{"$error":"#VALUE!"}},{"$f":"IF(N3=0,\"No\",IF(AE3>Q3,\"NO\",\"YES\"))","v":{"$error":"#VALUE!"}}," "," "," "," "," "," "," "," "," "," "," "," "," "," "," ",{"$f":"100/O3","v":{"$error":"#VALUE!"}}," "," "," "," "," "," "," "," "," "," "," "," "," "," ",null," "," "," "," "," "," "," "," "," "," "," ",null," ",{"$f":"CONCATENATE(AB3,\" ปี  \",AC3,\" เดือน  \",AD3,\" วัน  \")","v":{"$error":"#VALUE!"}},{"$f":"A3","v":{"$error":"#VALUE!"}}]
[]
["ลำดับที่","หมายเลขเอกสาร","วันที่ได้มา","ปีงบประมาณ","วิธีการที่ได้มา","ประเภทงบประมาณ","รหัสโครงการ","บริษัท/ร้านค้า","รายการ","จำนวน","ราคาต่อหน่วย","หมายเลขครุภัณฑ์","ราคาทุนรวม","ราคาทุนที่นำมาคิดค่าเสื่อม","อายุการใช้งาน (ปี)","วันหมดอายุการใช้งาน","อายุการใช้งาน (วัน)","ค่าเสื่อมราคาต่อปี","ค่าเสื่อมราคาต่อเดือน","ค่าเสื่อมราคาต่อวัน","ระยะเวลาคิดค่าเสื่อมปี 2559","ค่าเสื่อมราคา เดือนปัจจุบัน"," ค่าเสื่อมราคาสะสม (เดือน)","ค่าเสื่อมราคา วันปัจจุบัน","ค่าเสื่อมราคาสะสม(วัน)","ค่าเสื่อมราคาเดือนปัจจุบัน (เสื่อมรายวัน)","มูลค่าสุทธิ   ","ใช้ไป (ปี)","ใช้ไป (เดือน)","ใช้ไป (วัน)","จำนวนวันทั้งหมดที่ใช้ไป","สถานะ","สมุดทะเบียนคุมเล่มที่","สมุดทะเบียนคุมหน้าที่","หน่วยงาน","สาขา","ผู้เบิก","ประเภทครุภัณฑ์","หมายเลขเครื่อง","ลักษณะ/คุณสมบัติ","รุ่น/แบบ/ขนาด","ที่อยู่ผู้ขาย","เอกสารอ้างอิง","ใบเสร็จเล่มที่","ใบเสร็จเลขที่","สัญญาเลขที่","เลขที่ใบเบิกพัสดุ","อัตราค่าเสื่อมราคา %","หมายเหตุ","ซ่อมครั้งที่","วันที่ซ่อม","รายการซ่อม","จำนวนหน่วย","จำนวนเงิน","ร้านที่รับซ่อม","หมายเหตุเอกสารอ้างอิง","ซ่อมครั้งที่","วันที่ซ่อม","รายการซ่อม","จำนวนหน่วย","จำนวนเงิน","ร้านที่รับซ่อม","หมายเหตุเอกสารอ้างอิง","ซ่อมครั้งที่","วันที่ซ่อม","รายการซ่อม","จำนวนหน่วย","จำนวนเงิน","ร้านที่รับซ่อม","หมายเหตุเอกสารอ้างอิง","หมวดครุภัณฑ์","ประเภทครุภัณฑ์","เลขครุภัณฑ์","สถานะจำหน่าย","วันที่จำหน่าย","วันที่บันทึกข้อมุล","ใช้งานไปแล้ว","ลำดับ"]
[1,null,"1997-07-31",40,null,null,null,null,"ฐานข้อมูล 1 ชุด",1,1079630,"01.61.10",{"$f":"IF(BV6=\"จำหน่าย\",0,SUM(J6*K6))","v":1079630},{"$f":"IF(K6<5000,0,M6)","v":1079630},3,{"$f":"DATE(YEAR(C6)+O6,MONTH(C6),DAY(C6))","v":"2000-07-31"},{"$f":"IF(NOT(OR(ISBLANK(P6),ISBLANK(C6))),P6-C6,\"\")","v":1096},{"$f":"SLN(N6,,O6)","v":359876.66666666669},{"$f":"SLN(R6,,12)","v":29989.722222222223},{"$f":"SLN(N6,,Q6)","v":985.06386861313865},{"$f":"IF(N6=0,0,IF(AE6<=Q6,1,0))","v":0},{"$f":"SUM(R6*U6/12)","v":0},{"$f":"IF(N6=0,0,IF((R6*AB6)+(R6*AC6/12)>=N6,N6-J6,((R6*AB6)+(R6*AC6/12))))","v":1079629},{"$f":"SUM(T6*U6)","v":0},{"$f":"IF(N6=0,0,IF((DATEDIF(C6,TODAY(),\"d\")+1)*T6>=N6,N6-J6,(DATEDIF(C6,TODAY(),\"d\")+1)*T6))","v":1079629},{"$f":"IF(U6=0,0,IF(OR(DAY(C6)=1,MONTH(C6)<>MONTH(TODAY()),YEAR(C6)<>YEAR(TODAY())),T6*((DAY(DATE(YEAR(TODAY()),MONTH(TODAY())+1,1)-1))),T6*((DAY(DATE(YEAR(TODAY()),MONTH(TODAY())+1,1)-1)-DAY(C6)+1))))","v":0},{"$f":"IF(N6=0,0,IF(X6>=N6,(J6),(N6-Y6)))","v":1},{"$f":"DATEDIF(C6,TODAY(),\"Y\")","v":21},{"$f":"DATEDIF(C6,TODAY(),\"YM\")","v":3},{"$f":"DATEDIF(C6,TODAY(),\"md\")+1","v":1},{"$f":"DATEDIF(C6,TODAY(),\"d\")+1","v":7763},{"$f":"IF(N6=0,\"No\",IF(AE6>Q6,\"NO\",\"YES\"))","v":"NO"},null,null,null,null,null,null,null,null,null,null,null,null,null,null,null,{"$f":"100/O6","v":33.333333333333336},null,null,null,null,null,null,null,null,null,null,null,null,null,null,null,null,null,null,null,null,null,null,"01","61","10",null,null,null,{"$f":"CONCATENATE(AB6,\" ปี  \",AC6,\" เดือน  \",AD6,\" วัน  \")","v":"21 ปี  3 เดือน  1 วัน  "},{"$f":"A6","v":1}]
[{"$f":"A6+1","v":2},null,"1997-09-17",40,null,null,null,null,"Software HIS PC Front office 1 ชุด",1,55000,"01.61.11",{"$f":"IF(BV7=\"จำหน่าย\",0,SUM(J7*K7))","v":55000},{"$f":"IF(K7<5000,0,M7)","v":55000},3,"2000-09-17",1096,18333.333333333332,1527.7777777777776,50.182481751824817,0,0,54999,0,54999,0,1,21,1,15,7715,"NO",null,null,null,null,null,null,null,null,null,null,null,null,null,null,null,33.333333333333336,null,null,null,null,null,null,null,null,null,null,null,null,null,null,null,null,null,null,null,null,null,null,"01","61","11",null,null,null,"21 ปี  1 เดือน  15 วัน  ",2]
[3,null,"1998-06-15",41,null,null,null,null,"Classroom Control Network 25 U 1 ชุด",1,97900,"01.61.120",{"$f":"IF(BV8=\"จำหน่าย\",0,SUM(J8*K8))","v":97900},{"$f":"IF(K8<5000,0,M8)","v":97900},3,"2001-06-15",1096,32633.333333333332,2719.4444444444443,89.324817518248182,0,0,97899,0,97899,0,1,20,4,17,7444,"NO",null,null,null,null,null,null,null,null,null,null,null,null,null,null,null,33.333333333333336,null,null,null,null,null,null,null,null,null,null,null,null,null,null,null,null,null,null,null,null,null,null,"01","61","120",null,null,null,"20 ปี  4 เดือน  17 วัน  ",3]
[4,null,"1999-05-24",42,null,null,null,null,"โปรแกรมคอมพิวเตอร์ตัดต่อภาพ 1 ชุด",1,53680,"01.61.175",{"$f":"IF(BV9=\"จำหน่าย\",0,SUM(J9*K9))","v":53680},{"$f":"IF(K9<5000,0,M9)","v":53680},3,"2002-05-24",1096,17893.333333333332,1491.1111111111111,48.978102189781019,0,0,53679,0,53679,0,1,19,5,8,7101,"NO",null,null,null,null,null,null,null,null,null,null,null,null,null,null,null,33.333333333333336,null,null,null,null,null,null,null,null,null,null,null,null,null,null,null,null,null,null,null,null,null,null,"01","61","175",null,null,null,"19 ปี  5 เดือน  8 วัน  ",4]
[5,null,"1999-09-27",42,null,null,null,null,"Upgrade UNIX 1 ชุด",1,134800,"01.61.178",{"$f":"IF(BV10=\"จำหน่าย\",0,SUM(J10*K10))","v":134800},{"$f":"IF(K10<5000,0,M10)","v":134800},3,"2002-09-27",1096,44933.333333333336,3744.4444444444448,122.99270072992701,0,0,134799,0,134799,0,1,19,1,5,6975,"NO",null,null,null,null,null,null,null,null,null,null,null,null,null,null,null,33.333333333333336,null,null,null,null,null,null,null,null,null,null,null,null,null,null,null,null,null,null,null,null,null,null,"01","61","178",null,null,null,"19 ปี  1 เดือน  5 วัน  ",5]
[6,null,"1999-09-27",42,null,null,null,null,"Upgrade Network 1 ชุด",1,69700,"01.61.179",{"$f":"IF(BV11=\"จำหน่าย\",0,SUM(J11*K11))","v":69700},{"$f":"IF(K11<5000,0,M11)","v":69700},3,"2002-09-27",1096,23233.333333333332,1936.1111111111111,63.594890510948908,0,0,69699,0,69699,0,1,19,1,5,6975,"NO",null,null,null,null,null,null,null,null,null,null,null,null,null,null,null,33.333333333333336,null,null,null,null,null,null,null,null,null,null,null,null,null,null,null,null,null,null,null,null,null,null,"01","61","179",null,null,null,"19 ปี  1 เดือน  5 วัน  ",6]
[7,null,"2000-10-09",44,null,null,null,null,"ชุดควบคุมและค้นหาเส้นทางฯ 1 ชุด",1,99700,"01.61.184",{"$f":"IF(BV12=\"จำหน่าย\",0,SUM(J12*K12))","v":99700},{"$f":"IF(K12<5000,0,M12)","v":99700},3,"2003-10-09",1095,33233.333333333336,2769.4444444444448,91.050228310502277,0,0,99699,0,99699,0,1,18,0,23,6597,"NO",null,null,null,null,null,null,null,null,null,null,null,null,null,null,null,33.333333333333336,null,null,null,null,null,null,null,null,null,null,null,null,null,null,null,null,null,null,null,null,null,null,"01","61","184",null,null,null,"18 ปี  0 เดือน  23 วัน  ",7]
[8,null,"2000-10-26",44,null,null,null,null,"Classroom Control Network 30 U 1ชุด",1,99510,"01.61.190",{"$f":"IF(BV13=\"จำหน่าย\",0,SUM(J13*K13))","v":99510},{"$f":"IF(K13<5000,0,M13)","v":99510},3,"2003-10-26",1095,33170,2764.1666666666665,90.876712328767127,0,0,99509,0,99509,0,1,18,0,6,6580,"NO",null,null,null,null,null,null,null,null,null,null,null,null,null,null,null,33.333333333333336,null,null,null,null,null,null,null,null,null,null,null,null,null,null,null,null,null,null,null,null,null,null,"01","61","190",null,null,null,"18 ปี  0 เดือน  6 วัน  ",8]
[9,null,"2000-11-02",44,null,null,null,null,"โปรแกรมห้องสมุด 1 ชุด",1,1800000,"01.61.185",{"$f":"IF(BV14=\"จำหน่าย\",0,SUM(J14*K14))","v":1800000},{"$f":"IF(K14<5000,0,M14)","v":1800000},3,"2003-11-02",1095,600000,50000,1643.8356164383561,0,0,1799999,0,1799999,0,1,17,11,30,6573,"NO",null,null,null,null,null,null,null,null,null,null,null,null,null,null,null,33.333333333333336,null,null,null,null,null,null,null,null,null,null,null,null,null,null,null,null,null,null,null,null,null,null,"01","61","185",null,null,null,"17 ปี  11 เดือน  30 วัน  ",9]
[10,null,"2000-11-04",44,null,null,null,null,"แผงวงจรค้นหาเส้นทาง 1 แผง",1,39500,"01.61.186",{"$f":"IF(BV15=\"จำหน่าย\",0,SUM(J15*K15))","v":39500},{"$f":"IF(K15<5000,0,M15)","v":39500},3,"2003-11-04",1095,13166.666666666666,1097.2222222222222,36.073059360730596,0,0,39499,0,39499,0,1,17,11,28,6571,"NO",null,null,null,null,null,null,null,null,null,null,null,null,null,null,null,33.333333333333336,null,null,null,null,null,null,null,null,null,null,null,null,null,null,null,null,null,null,null,null,null,null,"01","61","186",null,null,null,"17 ปี  11 เดือน  28 วัน  ",10]
[11,null,"2001-01-24",44,null,null,null,null,"เครื่องถ่ายทอดสัญญาณ 1 ค.",1,118000,"01.61.191",{"$f":"IF(BV16=\"จำหน่าย\",0,SUM(J16*K16))","v":118000},{"$f":"IF(K16<5000,0,M16)","v":118000},3,"2004-01-24",1095,39333.333333333336,3277.7777777777778,107.76255707762557,0,0,117999,0,117999,0,1,17,9,8,6490,"NO",null,null,null,null,null,null,null,null,null,null,null,null,null,null,null,33.333333333333336,null,null,null,null,null,null,null,null,null,null,null,null,null,null,null,null,null,null,null,null,null,null,"01","61","191",null,null,null,"17 ปี  9 เดือน  8 วัน  ",11]
[12,null,"2001-06-21",44,null,null,null,null,"ชุดเชื่อมต่อคอมฯ 1 ชุด",1,918000,"01.61.188",{"$f":"IF(BV17=\"จำหน่าย\",0,SUM(J17*K17))","v":918000},{"$f":"IF(K17<5000,0,M17)","v":918000},3,"2004-06-21",1096,306000,25500,837.59124087591238,0,0,917999,0,917999,0,1,17,4,11,6342,"NO",null,null,null,null,null,null,null,null,null,null,null,null,null,null,null,33.333333333333336,null,null,null,null,null,null,null,null,null,null,null,null,null,null,null,null,null,null,null,null,null,null,"01","61","188",null,null,null,"17 ปี  4 เดือน  11 วัน  ",12]
[13,null,"2003-01-30",46,null,null,null,null,"ฐานข้อมูลวิชาการ 8 ฐาน 1 รายการ",1,1799000,"01.61.193",{"$f":"IF(BV18=\"จำหน่าย\",0,SUM(J18*K18))","v":1799000},{"$f":"IF(K18<5000,0,M18)","v":1799000},3,"2006-01-30",1096,599666.66666666663,49972.222222222219,1641.4233576642337,0,0,1798999,0,1798999,0,1,15,9,2,5754,"NO",null,null,null,null,null,null,null,null,null,null,null,null,null,null,null,33.333333333333336,null,null,null,null,null,null,null,null,null,null,null,null,null,null,null,null,null,null,null,null,null,null,"01","61","193",null,null,null,"15 ปี  9 เดือน  2 วัน  ",13]
[14,null,"2003-09-12",46,null,null,null,null,"ชุดทดลองการเชื่อมต่อ 2 ชุด ",2,17000,"01.61.194-195",{"$f":"IF(BV19=\"จำหน่าย\",0,SUM(J19*K19))","v":34000},{"$f":"IF(K19<5000,0,M19)","v":34000},3,"2006-09-12",1096,11333.333333333334,944.44444444444446,31.021897810218977,0,0,33998,0,33998,0,2,15,1,20,5529,"NO",null,null,null,null,null,null,null,null,null,null,null,null,null,null,null,33.333333333333336,null,null,null,null,null,null,null,null,null,null,null,null,null,null,null,null,null,null,null,null,null,null,"01","61","194-195",null,null,null,"15 ปี  1 เดือน  20 วัน  ",14]
[15,null,"2003-09-12",46,null,null,null,null,"ชุดทดลองการเชื่อมต่อ 2 ชุด ",2,17000,"01.61.197-198",{"$f":"IF(BV20=\"จำหน่าย\",0,SUM(J20*K20))","v":34000},{"$f":"IF(K20<5000,0,M20)","v":34000},3,"2006-09-12",1096,11333.333333333334,944.44444444444446,31.021897810218977,0,0,33998,0,33998,0,2,15,1,20,5529,"NO",null,null,null,null,null,null,null,null,null,null,null,null,null,null,null,33.333333333333336,null,null,null,null,null,null,null,null,null,null,null,null,null,null,null,null,null,null,null,null,null,null,"01","61","197-198",null,null,null,"15 ปี  1 เดือน  20 วัน  ",15]
[16,null,"2003-09-25",46,null,null,null,null,"ระบบใยแก้วนำแสง 1 ระบบ",1,1600000,"01.61.199",{"$f":"IF(BV21=\"จำหน่าย\",0,SUM(J21*K21))","v":1600000},{"$f":"IF(K21<5000,0,M21)","v":1600000},3,"2006-09-25",1096,533333.33333333337,44444.444444444445,1459.8540145985401,0,0,1599999,0,1599999,0,1,15,1,7,5516,"NO",null,null,null,null,null,null,null,null,null,null,null,null,null,null,null,33.333333333333336,null,null,null,null,null,null,null,null,null,null,null,null,null,null,null,null,null,null,null,null,null,null,"01","61","199",null,null,null,"15 ปี  1 เดือน  7 วัน  ",16]
[17,null,"2004-04-20",47,null,null,null,null,"อุปกรณ์บันทึกการสอน 1 ชุด",1,48780,"01.61.203",{"$f":"IF(BV22=\"จำหน่าย\",0,SUM(J22*K22))","v":48780},{"$f":"IF(K22<5000,0,M22)","v":48780},3,"2007-04-20",1095,16260,1355,44.547945205479451,0,0,48779,0,48779,0,1,14,6,12,5308,"NO",null,null,null,null,null,null,null,null,null,null,null,null,null,null,null,33.333333333333336,null,null,null,null,null,null,null,null,null,null,null,null,null,null,null,null,null,null,null,null,null,null,"01","61","203",null,null,null,"14 ปี  6 เดือน  12 วัน  ",17]
[18,null,"2004-08-10",47,null,null,null,null,"โปรแกรมสำเร็จรูป 1 ชุด",1,45351.88,"01.61.204",{"$f":"IF(BV23=\"จำหน่าย\",0,SUM(J23*K23))","v":45351.88},{"$f":"IF(K23<5000,0,M23)","v":45351.88},3,"2007-08-10",1095,15117.293333333333,1259.7744444444445,41.417242009132416,0,0,45350.879999999997,0,45350.879999999997,0,1,14,2,22,5196,"NO",null,null,null,null,null,null,null,null,null,null,null,null,null,null,null,33.333333333333336,null,null,null,null,null,null,null,null,null,null,null,null,null,null,null,null,null,null,null,null,null,null,"01","61","204",null,null,null,"14 ปี  2 เดือน  22 วัน  ",18]
[19,null,"2005-04-04",48,null,null,null,null,"โปรแกรมจัดเก็บ-เบิกจ่าย วัสดุ 1 ชุด",1,20000,"01.61.205",{"$f":"IF(BV24=\"จำหน่าย\",0,SUM(J24*K24))","v":20000},{"$f":"IF(K24<5000,0,M24)","v":20000},3,"2008-04-04",1096,6666.666666666667,555.55555555555554,18.248175182481752,0,0,19999,0,19999,0,1,13,6,28,4959,"NO",null,null,null,null,null,null,null,null,null,null,null,null,null,null,null,33.333333333333336,null,null,null,null,null,null,null,null,null,null,null,null,null,null,null,null,null,null,null,null,null,null,"01","61","205",null,null,null,"13 ปี  6 เดือน  28 วัน  ",19]
[20,null,"2005-05-20",48,null,null,null,null,"โปรแกรมประเมินการสอนออนไลน์ 1 ชุด",1,20000,"01.61.206",{"$f":"IF(BV25=\"จำหน่าย\",0,SUM(J25*K25))","v":20000},{"$f":"IF(K25<5000,0,M25)","v":20000},3,"2008-05-20",1096,6666.666666666667,555.55555555555554,18.248175182481752,0,0,19999,0,19999,0,1,13,5,12,4913,"NO",null,null,null,null,null,null,null,null,null,null,null,null,null,null,null,33.333333333333336,null,null,null,null,null,null,null,null,null,null,null,null,null,null,null,null,null,null,null,null,null,null,"01","61","206",null,null,null,"13 ปี  5 เดือน  12 วัน  ",20]
[21,null,"2005-05-20",48,null,null,null,null,"โปรแกรมสอบวัดความรู้พื้นฐานผ่านระบบคอมพิวเตอร์",1,20000,"01.61.207",{"$f":"IF(BV26=\"จำหน่าย\",0,SUM(J26*K26))","v":20000},{"$f":"IF(K26<5000,0,M26)","v":20000},3,"2008-05-20",1096,6666.666666666667,555.55555555555554,18.248175182481752,0,0,19999,0,19999,0,1,13,5,12,4913,"NO",null,null,null,null,null,null,null,null,null,null,null,null,null,null,null,33.333333333333336,null,null,null,null,null,null,null,null,null,null,null,null,null,null,null,null,null,null,null,null,null,null,"01","61","207",null,null,null,"13 ปี  5 เดือน  12 วัน  ",21]
[22,null,"2005-07-12",48,null,null,null,null,"โปรแกรมสำเร็จรูป SPSS Base จำนวน 3 Users 1 ชุด",1,99837.85,"01.61.208",{"$f":"IF(BV27=\"จำหน่าย\",0,SUM(J27*K27))","v":99837.85},{"$f":"IF(K27<5000,0,M27)","v":99837.85},3,"2008-07-12",1096,33279.283333333333,2773.2736111111112,91.092928832116797,0,0,99836.85,0,99836.85,0,1,13,3,20,4860,"NO",null,null,null,null,null,null,null,null,null,null,null,null,null,null,null,33.333333333333336,null,null,null,null,null,null,null,null,null,null,null,null,null,null,null,null,null,null,null,null,null,null,"01","61","208",null,null,null,"13 ปี  3 เดือน  20 วัน  ",22]
[23,null,"2005-07-25",48,null,null,null,null,"ระบบเครือข่ายใยแก้วนำแสง 1 ระบบ",1,202230,"01.61.209",{"$f":"IF(BV28=\"จำหน่าย\",0,SUM(J28*K28))","v":202230},{"$f":"IF(K28<5000,0,M28)","v":202230},3,"2008-07-25",1096,67410,5617.5,184.51642335766422,0,0,202229,0,202229,0,1,13,3,7,4847,"NO",null,null,null,null,null,null,null,null,null,null,null,null,null,null,null,33.333333333333336,null,null,null,null,null,null,null,null,null,null,null,null,null,null,null,null,null,null,null,null,null,null,"01","61","209",null,null,null,"13 ปี  3 เดือน  7 วัน  ",23]
[24,null,"2005-08-31",48,null,null,null,null,"ระบบหนังสืออิเล็กทรอนิกส์ (e-Book) 1 ระบบ",1,699900,"01.61.210",{"$f":"IF(BV29=\"จำหน่าย\",0,SUM(J29*K29))","v":699900},{"$f":"IF(K29<5000,0,M29)","v":699900},3,"2008-08-31",1096,233300,19441.666666666668,638.59489051094886,0,0,699899,0,699899,0,1,13,2,1,4810,"NO",null,null,null,null,null,null,null,null,null,null,null,null,null,null,null,33.333333333333336,null,null,null,null,null,null,null,null,null,null,null,null,null,null,null,null,null,null,null,null,null,null,"01","61","210",null,null,null,"13 ปี  2 เดือน  1 วัน  ",24]
[25,null,"2006-01-20",49,null,null,null,null,"ระบบเครือข่ายคอมพิวเตอร์ 1 ระบบ",1,14135600,"01.61.211",{"$f":"IF(BV30=\"จำหน่าย\",0,SUM(J30*K30))","v":14135600},{"$f":"IF(K30<5000,0,M30)","v":14135600},3,"2009-01-20",1096,4711866.666666667,392655.55555555556,12897.445255474453,0,0,14135599,0,14135599,0,1,12,9,12,4668,"NO",null,null,null,null,null,null,null,null,null,null,null,null,null,null,null,33.333333333333336,null,null,null,null,null,null,null,null,null,null,null,null,null,null,null,null,null,null,null,null,null,null,"01","61","211",null,null,null,"12 ปี  9 เดือน  12 วัน  ",25]
[26,null,"2006-07-17",49,null,null,null,null,"โปรแกรมคอมพิวเตอร์ Software Elicitus 1 ชุด",1,74900,"01.61.212",{"$f":"IF(BV31=\"จำหน่าย\",0,SUM(J31*K31))","v":74900},{"$f":"IF(K31<5000,0,M31)","v":74900},3,"2009-07-17",1096,24966.666666666668,2080.5555555555557,68.339416058394164,0,0,74899,0,74899,0,1,12,3,15,4490,"NO",null,null,null,null,null,null,null,null,null,null,null,null,null,null,null,33.333333333333336,null,null,null,null,null,null,null,null,null,null,null,null,null,null,null,null,null,null,null,null,null,null,"01","61","212",null,null,null,"12 ปี  3 เดือน  15 วัน  ",26]
[27,null,"2006-09-15",49,null,null,null,null,"โปรแกรมสำเร็จรูป 1 ชุด",1,21400,"01.61.213",{"$f":"IF(BV32=\"จำหน่าย\",0,SUM(J32*K32))","v":21400},{"$f":"IF(K32<5000,0,M32)","v":21400},3,"2009-09-15",1096,7133.333333333333,594.44444444444446,19.525547445255473,0,0,21399,0,21399,0,1,12,1,17,4430,"NO",null,null,null,null,null,null,null,null,null,null,null,null,null,null,null,33.333333333333336,null,null,null,null,null,null,null,null,null,null,null,null,null,null,null,null,null,null,null,null,null,null,"01","61","213",null,null,null,"12 ปี  1 เดือน  17 วัน  ",27]
[28,null,"2006-09-15",49,null,null,null,null,"โปรแกรมสำเร็จรูป 1 ชุด",1,64200,"01.61.214",{"$f":"IF(BV33=\"จำหน่าย\",0,SUM(J33*K33))","v":64200},{"$f":"IF(K33<5000,0,M33)","v":64200},3,"2009-09-15",1096,21400,1783.3333333333333,58.576642335766422,0,0,64199,0,64199,0,1,12,1,17,4430,"NO",null,null,null,null,null,null,null,null,null,null,null,null,null,null,null,33.333333333333336,null,null,null,null,null,null,null,null,null,null,null,null,null,null,null,null,null,null,null,null,null,null,"01","61","214",null,null,null,"12 ปี  1 เดือน  17 วัน  ",28]
[29,null,"2006-11-10",50,null,null,null,null,"ระบบเครือข่ายใยแก้วนำแสง 1 ระบบ",1,114000,"01.61.215",{"$f":"IF(BV34=\"จำหน่าย\",0,SUM(J34*K34))","v":114000},{"$f":"IF(K34<5000,0,M34)","v":114000},3,"2009-11-10",1096,38000,3166.6666666666665,104.01459854014598,0,0,113999,0,113999,0,1,11,11,22,4374,"NO",null,null,null,null,null,null,null,null,null,null,null,null,null,null,null,33.333333333333336,null,null,null,null,null,null,null,null,null,null,null,null,null,null,null,null,null,null,null,null,null,null,"01","61","215",null,null,null,"11 ปี  11 เดือน  22 วัน  ",29]
[30,null,"2006-11-15",50,null,null,null,null,"โปรแกรมสำเร็จรูปสื่อการเรียนภาษาอังกฤษสำหรับ 30 คน 1 ชุด",1,255730,"01.61.216",{"$f":"IF(BV35=\"จำหน่าย\",0,SUM(J35*K35))","v":255730},{"$f":"IF(K35<5000,0,M35)","v":255730},3,"2009-11-15",1096,85243.333333333328,7103.6111111111104,233.33029197080293,0,0,255729,0,255729,0,1,11,11,17,4369,"NO",null,null,null,null,null,null,null,null,null,null,null,null,null,null,null,33.333333333333336,null,null,null,null,null,null,null,null,null,null,null,null,null,null,null,null,null,null,null,null,null,null,"01","61","216",null,null,null,"11 ปี  11 เดือน  17 วัน  ",30]
[31,null,"2007-08-01",50,null,null,null,null,"ระบบเครือข่ายไร้สาย 1 ชุด",1,299999.11,"01.61.218",{"$f":"IF(BV36=\"จำหน่าย\",0,SUM(J36*K36))","v":299999.11},{"$f":"IF(K36<5000,0,M36)","v":299999.11},3,"2010-08-01",1096,99999.703333333324,8333.3086111111097,273.72181569343064,0,0,299998.11,0,299998.11,0,1,11,2,31,4110,"NO",null,null,null,null,null,null,null,null,null,null,null,null,null,null,null,33.333333333333336,null,null,null,null,null,null,null,null,null,null,null,null,null,null,null,null,null,null,null,null,null,null,"01","61","218",null,null,null,"11 ปี  2 เดือน  31 วัน  ",31]
[32,null,"2007-10-01",51,null,null,null,null,"โปรแกรมสร้างแบบจำลองของระบบปฏิบัติงาน 1 ชุด",1,300000,"01.61.220",{"$f":"IF(BV37=\"จำหน่าย\",0,SUM(J37*K37))","v":300000},{"$f":"IF(K37<5000,0,M37)","v":300000},3,"2010-10-01",1096,100000,8333.3333333333339,273.72262773722628,0,0,299999,0,299999,0,1,11,0,31,4049,"NO",null,null,null,null,null,null,null,null,null,null,null,null,null,null,null,33.333333333333336,null,null,null,null,null,null,null,null,null,null,null,null,null,null,null,null,null,null,null,null,null,null,"01","61","220",null,null,null,"11 ปี  0 เดือน  31 วัน  ",32]
[33,null,"2007-10-02",51,null,null,null,null,"ระบบงานห้องสมุดอัตโนมัติ (VTLS) 1 ระบบ",1,900000,"01.61.219",{"$f":"IF(BV38=\"จำหน่าย\",0,SUM(J38*K38))","v":900000},{"$f":"IF(K38<5000,0,M38)","v":900000},3,{"$f":"DATE(YEAR(C38)+O38,MONTH(C38),DAY(C38))","v":"2010-10-02"},{"$f":"IF(NOT(OR(ISBLANK(P38),ISBLANK(C38))),P38-C38,\"\")","v":1096},{"$f":"SLN(N38,,O38)","v":300000},{"$f":"SLN(R38,,12)","v":25000},{"$f":"SLN(N38,,Q38)","v":821.16788321167883},{"$f":"IF(N38=0,0,IF(AE38<=Q38,1,0))","v":0},{"$f":"SUM(R38*U38/12)","v":0},{"$f":"IF(N38=0,0,IF((R38*AB38)+(R38*AC38/12)>=N38,N38-J38,((R38*AB38)+(R38*AC38/12))))","v":899999},{"$f":"SUM(T38*U38)","v":0},{"$f":"IF(N38=0,0,IF((DATEDIF(C38,TODAY(),\"d\")+1)*T38>=N38,N38-J38,(DATEDIF(C38,TODAY(),\"d\")+1)*T38))","v":899999},{"$f":"IF(U38=0,0,IF(OR(DAY(C38)=1,MONTH(C38)<>MONTH(TODAY()),YEAR(C38)<>YEAR(TODAY())),T38*((DAY(DATE(YEAR(TODAY()),MONTH(TODAY())+1,1)-1))),T38*((DAY(DATE(YEAR(TODAY()),MONTH(TODAY())+1,1)-1)-DAY(C38)+1))))","v":0},{"$f":"IF(N38=0,0,IF(X38>=N38,(J38),(N38-Y38)))","v":1},{"$f":"DATEDIF(C38,TODAY(),\"Y\")","v":11},{"$f":"DATEDIF(C38,TODAY(),\"YM\")","v":0},{"$f":"DATEDIF(C38,TODAY(),\"md\")+1","v":30},{"$f":"DATEDIF(C38,TODAY(),\"d\")+1","v":4048},{"$f":"IF(N38=0,\"No\",IF(AE38>Q38,\"NO\",\"YES\"))","v":"NO"},null,null,null,null,null,null,null,null,null,null,null,null,null,null,null,{"$f":"100/O38","v":33.333333333333336},null,null,null,null,null,null,null,null,null,null,null,null,null,null,null,null,null,null,null,null,null,null,"01","61","219",null,null,null,{"$f":"CONCATENATE(AB38,\" ปี  \",AC38,\" เดือน  \",AD38,\" วัน  \")","v":"11 ปี  0 เดือน  30 วัน  "},{"$f":"A38","v":33}]
[{"$f":"A38+1","v":34},null,"2007-11-13",51,null,null,null,null,"อุปกรณ์ระบบเครือข่ายไร้สาย 15 ชุด",15,24500,"01.61.221-235",{"$f":"IF(BV39=\"จำหน่าย\",0,SUM(J39*K39))","v":367500},{"$f":"IF(K39<5000,0,M39)","v":367500},3,"2010-11-13",1096,122500,10208.333333333334,335.31021897810217,0,0,367485,0,367485,0,15,10,11,19,4006,"NO",null,null,null,null,null,null,null,null,null,null,null,null,null,null,null,33.333333333333336,null,null,null,null,null,null,null,null,null,null,null,null,null,null,null,null,null,null,null,null,null,null,"01","61","221-235",null,null,null,"10 ปี  11 เดือน  19 วัน  ",34]
[35,null,"2008-02-26",51,null,null,null,null,"ชุดโปรแกรมของไมโครซอฟท์ จำนวน 300 ผู้ใช้ 1 ชุด",1,638148,"01.61.236",{"$f":"IF(BV40=\"จำหน่าย\",0,SUM(J40*K40))","v":638148},{"$f":"IF(K40<5000,0,M40)","v":638148},3,"2011-02-26",1096,212716,17726.333333333332,582.25182481751824,0,0,638147,0,638147,0,1,10,8,6,3901,"NO",null,null,null,null,null,null,null,null,null,null,null,null,null,null,null,33.333333333333336,null,null,null,null,null,null,null,null,null,null,null,null,null,null,null,null,null,null,null,null,null,null,"01","61","236",null,null,null,"10 ปี  8 เดือน  6 วัน  ",35]
[36,null,"2008-02-26",51,null,null,null,null,"File Server Network System c/w License 1 ระบบ",1,133750,"01.61.237",{"$f":"IF(BV41=\"จำหน่าย\",0,SUM(J41*K41))","v":133750},{"$f":"IF(K41<5000,0,M41)","v":133750},3,"2011-02-26",1096,44583.333333333336,3715.2777777777778,122.03467153284672,0,0,133749,0,133749,0,1,10,8,6,3901,"NO",null,null,null,null,null,null,null,null,null,null,null,null,null,null,null,33.333333333333336,null,null,null,null,null,null,null,null,null,null,null,null,null,null,null,null,null,null,null,null,null,null,"01","61","237",null,null,null,"10 ปี  8 เดือน  6 วัน  ",36]
[37,null,"2008-02-26",51,null,null,null,null,"Internet Cafe Management Software 1 ชุด",1,26750,"01.61.238",{"$f":"IF(BV42=\"จำหน่าย\",0,SUM(J42*K42))","v":26750},{"$f":"IF(K42<5000,0,M42)","v":26750},3,"2011-02-26",1096,8916.6666666666661,743.05555555555554,24.406934306569344,0,0,26749,0,26749,0,1,10,8,6,3901,"NO",null,null,null,null,null,null,null,null,null,null,null,null,null,null,null,33.333333333333336,null,null,null,null,null,null,null,null,null,null,null,null,null,null,null,null,null,null,null,null,null,null,"01","61","238",null,null,null,"10 ปี  8 เดือน  6 วัน  ",37]
[38,null,"2008-04-25",51,null,null,null,null,"ระบบสารสนเทศเพื่อการบริการการศึกษา 1 ระบบ",1,2247000,"01.61.239",{"$f":"IF(BV43=\"จำหน่าย\",0,SUM(J43*K43))","v":2247000},{"$f":"IF(K43<5000,0,M43)","v":2247000},3,"2011-04-25",1095,749000,62416.666666666664,2052.0547945205481,0,0,2246999,0,2246999,0,1,10,6,7,3842,"NO",null,null,null,null,null,null,null,null,null,null,null,null,null,null,null,33.333333333333336,null,null,null,null,null,null,null,null,null,null,null,null,null,null,null,null,null,null,null,null,null,null,"01","61","239",null,null,null,"10 ปี  6 เดือน  7 วัน  ",38]
[39,null,"2008-06-09",51,null,null,null,null,"ระบบเครือข่าย จำนวน 3 ห้อง 1 ระบบ",1,615517.5,"01.61.245",{"$f":"IF(BV44=\"จำหน่าย\",0,SUM(J44*K44))","v":615517.5},{"$f":"IF(K44<5000,0,M44)","v":615517.5},3,"2011-06-09",1095,205172.5,17097.708333333332,562.11643835616439,0,0,615516.5,0,615516.5,0,1,10,4,23,3797,"NO",null,null,null,null,null,null,null,null,null,null,null,null,null,null,null,33.333333333333336,null,null,null,null,null,null,null,null,null,null,null,null,null,null,null,null,null,null,null,null,null,null,"01","61","245",null,null,null,"10 ปี  4 เดือน  23 วัน  ",39]
[40,null,"2008-07-07",51,null,null,null,null,"โปรแกรมชุดควบคุมระบบห้องปฏิบัติการทางภาษา 1 ชุด",1,217745,"01.61.240",{"$f":"IF(BV45=\"จำหน่าย\",0,SUM(J45*K45))","v":217745},{"$f":"IF(K45<5000,0,M45)","v":217745},3,"2011-07-07",1095,72581.666666666672,6048.4722222222226,198.85388127853881,0,0,217744,0,217744,0,1,10,3,25,3769,"NO",null,null,null,null,null,null,null,null,null,null,null,null,null,null,null,33.333333333333336,null,null,null,null,null,null,null,null,null,null,null,null,null,null,null,null,null,null,null,null,null,null,"01","61","240",null,null,null,"10 ปี  3 เดือน  25 วัน  ",40]
[41,null,"2008-07-07",51,null,null,null,null,"ชุดปฏิบัติการระบบ Sound Lab สำหรับผู้เรียน 42 ที่นั่ง 1 ชุด",1,898800,"01.61.241",{"$f":"IF(BV46=\"จำหน่าย\",0,SUM(J46*K46))","v":898800},{"$f":"IF(K46<5000,0,M46)","v":898800},3,"2011-07-07",1095,299600,24966.666666666668,820.82191780821915,0,0,898799,0,898799,0,1,10,3,25,3769,"NO",null,null,null,null,null,null,null,null,null,null,null,null,null,null,null,33.333333333333336,null,null,null,null,null,null,null,null,null,null,null,null,null,null,null,null,null,null,null,null,null,null,"01","61","241",null,null,null,"10 ปี  3 เดือน  25 วัน  ",41]
[42,null,"2008-08-21",51,null,null,null,null,"ระบบงานห้องสมุดอัตโนมัติ (VTLS VIRTUA) 1 ระบบ",1,864767.58,"01.61.242",{"$f":"IF(BV47=\"จำหน่าย\",0,SUM(J47*K47))","v":864767.58},{"$f":"IF(K47<5000,0,M47)","v":864767.58},3,"2011-08-21",1095,288255.86,24021.321666666667,789.74208219178081,0,0,864766.58,0,864766.58,0,1,10,2,11,3724,"NO",null,null,null,null,null,null,null,null,null,null,null,null,null,null,null,33.333333333333336,null,null,null,null,null,null,null,null,null,null,null,null,null,null,null,null,null,null,null,null,null,null,"01","61","242",null,null,null,"10 ปี  2 เดือน  11 วัน  ",42]
[43,null,"2008-08-29",51,null,null,null,null,"ระบบเครือข่าย Lan 1 ระบบ",1,18190,"01.61.243",{"$f":"IF(BV48=\"จำหน่าย\",0,SUM(J48*K48))","v":18190},{"$f":"IF(K48<5000,0,M48)","v":18190},3,"2011-08-29",1095,6063.333333333333,505.27777777777777,16.611872146118721,0,0,18189,0,18189,0,1,10,2,3,3716,"NO",null,null,null,null,null,null,null,null,null,null,null,null,null,null,null,33.333333333333336,null,null,null,null,null,null,null,null,null,null,null,null,null,null,null,null,null,null,null,null,null,null,"01","61","243",null,null,null,"10 ปี  2 เดือน  3 วัน  ",43]
[44,null,"2008-09-12",51,null,null,null,null,"ระบบสายสัญญาณคอมพิวเตอร์ Lan 1 ชุด",1,98172,"01.61.244",{"$f":"IF(BV49=\"จำหน่าย\",0,SUM(J49*K49))","v":98172},{"$f":"IF(K49<5000,0,M49)","v":98172},3,"2011-09-12",1095,32724,2727,89.654794520547952,0,0,98171,0,98171,0,1,10,1,20,3702,"NO",null,null,null,null,null,null,null,null,null,null,null,null,null,null,null,33.333333333333336,null,null,null,null,null,null,null,null,null,null,null,null,null,null,null,null,null,null,null,null,null,null,"01","61","244",null,null,null,"10 ปี  1 เดือน  20 วัน  ",44]
[45,null,"2008-09-26",51,null,null,null,null,"ระบบให้บริการจดหมายอิเล็กทรอนิกส์สำหรับนักศึกษา 1 ระบบ ",1,595000,"01.61.246",{"$f":"IF(BV50=\"จำหน่าย\",0,SUM(J50*K50))","v":595000},{"$f":"IF(K50<5000,0,M50)","v":595000},3,"2011-09-26",1095,198333.33333333334,16527.777777777777,543.37899543379001,0,0,594999,0,594999,0,1,10,1,6,3688,"NO",null,null,null,null,null,null,null,null,null,null,null,null,null,null,null,33.333333333333336,null,null,null,null,null,null,null,null,null,null,null,null,null,null,null,null,null,null,null,null,null,null,"01","61","246",null,null,null,"10 ปี  1 เดือน  6 วัน  ",45]
[46,null,"2008-11-21",52,null,null,null,null,"ระบบตรวจจับและป้องกันการบุกรุกเครือข่าย 1 ระบบ",1,2044900,"01.61.247",{"$f":"IF(BV51=\"จำหน่าย\",0,SUM(J51*K51))","v":2044900},{"$f":"IF(K51<5000,0,M51)","v":2044900},3,"2011-11-21",1095,681633.33333333337,56802.777777777781,1867.4885844748858,0,0,2044899,0,2044899,0,1,9,11,11,3632,"NO",null,null,null,null,null,null,null,null,null,null,null,null,null,null,null,33.333333333333336,null,null,null,null,null,null,null,null,null,null,null,null,null,null,null,null,null,null,null,null,null,null,"01","61","247",null,null,null,"9 ปี  11 เดือน  11 วัน  ",46]
[47,null,"2008-11-27",52,null,null,null,null,"ระบบควบคุมและบริหารจัดการไอพี 1 ระบบ",1,1086050,"01.61.248",{"$f":"IF(BV52=\"จำหน่าย\",0,SUM(J52*K52))","v":1086050},{"$f":"IF(K52<5000,0,M52)","v":1086050},3,"2011-11-27",1095,362016.66666666669,30168.055555555558,991.82648401826486,0,0,1086049,0,1086049,0,1,9,11,5,3626,"NO",null,null,null,null,null,null,null,null,null,null,null,null,null,null,null,33.333333333333336,null,null,null,null,null,null,null,null,null,null,null,null,null,null,null,null,null,null,null,null,null,null,"01","61","248",null,null,null,"9 ปี  11 เดือน  5 วัน  ",47]
[48,null,"2008-11-27",52,null,null,null,null,"ระบบบริหารจัดการแบนด์วิดธ์ 1 ระบบ",1,1058213.5,"01.61.249",{"$f":"IF(BV53=\"จำหน่าย\",0,SUM(J53*K53))","v":1058213.5},{"$f":"IF(K53<5000,0,M53)","v":1058213.5},3,"2011-11-27",1095,352737.83333333331,29394.819444444442,966.40502283105025,0,0,1058212.5,0,1058212.5,0,1,9,11,5,3626,"NO",null,null,null,null,null,null,null,null,null,null,null,null,null,null,null,33.333333333333336,null,null,null,null,null,null,null,null,null,null,null,null,null,null,null,null,null,null,null,null,null,null,"01","61","249",null,null,null,"9 ปี  11 เดือน  5 วัน  ",48]
[49,null,"2008-11-27",52,null,null,null,null,"ระบบบริหารจัดการช่องทางการจราจรภายในเครือข่าย 1 ระบบ  ",1,1378641.5,"01.61.250",{"$f":"IF(BV54=\"จำหน่าย\",0,SUM(J54*K54))","v":1378641.5},{"$f":"IF(K54<5000,0,M54)","v":1378641.5},3,"2011-11-27",1095,459547.16666666669,38295.597222222226,1259.0333333333333,0,0,1378640.5,0,1378640.5,0,1,9,11,5,3626,"NO",null,null,null,null,null,null,null,null,null,null,null,null,null,null,null,33.333333333333336,null,null,null,null,null,null,null,null,null,null,null,null,null,null,null,null,null,null,null,null,null,null,"01","61","250",null,null,null,"9 ปี  11 เดือน  5 วัน  ",49]
[50,null,"2009-01-27",52,null,null,null,null,"ครุภัณฑ์ระบบบริหารจัดการเครือข่ายและอุปกรณ์พร็อกซี 1 ระบบ",1,2748900,"01.61.251",{"$f":"IF(BV55=\"จำหน่าย\",0,SUM(J55*K55))","v":2748900},{"$f":"IF(K55<5000,0,M55)","v":2748900},3,"2012-01-27",1095,916300,76358.333333333328,2510.4109589041095,0,0,2748899,0,2748899,0,1,9,9,5,3565,"NO",null,null,null,null,null,null,null,null,null,null,null,null,null,null,null,33.333333333333336,null,null,null,null,null,null,null,null,null,null,null,null,null,null,null,null,null,null,null,null,null,null,"01","61","251",null,null,null,"9 ปี  9 เดือน  5 วัน  ",50]
[51,null,"2009-05-28",52,null,null,null,null,"Solid Works Education 2009-2010 1 ชุด",1,16050,"01.61.252",{"$f":"IF(BV56=\"จำหน่าย\",0,SUM(J56*K56))","v":16050},{"$f":"IF(K56<5000,0,M56)","v":16050},3,"2012-05-28",1096,5350,445.83333333333331,14.644160583941606,0,0,16049,0,16049,0,1,9,5,4,3444,"NO",null,null,null,null,null,null,null,null,null,null,null,null,null,null,null,33.333333333333336,null,null,null,null,null,null,null,null,null,null,null,null,null,null,null,null,null,null,null,null,null,null,"01","61","252",null,null,null,"9 ปี  5 เดือน  4 วัน  ",51]
[52,null,"2009-07-31",52,null,null,null,null,"โปรแกรมควบคุมห้องประชุม 1 ชุด",1,12840,"01.61.253",{"$f":"IF(BV57=\"จำหน่าย\",0,SUM(J57*K57))","v":12840},{"$f":"IF(K57<5000,0,M57)","v":12840},3,"2012-07-31",1096,4280,356.66666666666669,11.715328467153284,0,0,12839,0,12839,0,1,9,3,1,3380,"NO",null,null,null,null,null,null,null,null,null,null,null,null,null,null,null,33.333333333333336,null,null,null,null,null,null,null,null,null,null,null,null,null,null,null,null,null,null,null,null,null,null,"01","61","253",null,null,null,"9 ปี  3 เดือน  1 วัน  ",52]
[53,null,"2009-09-01",52,null,null,null,null,"Comtasia Studio v6 EDU Multi-User 5 ชุด  ",5,5350,"01.61.256-260",{"$f":"IF(BV58=\"จำหน่าย\",0,SUM(J58*K58))","v":26750},{"$f":"IF(K58<5000,0,M58)","v":26750},3,"2012-09-01",1096,8916.6666666666661,743.05555555555554,24.406934306569344,0,0,26745,0,26745,0,5,9,1,31,3348,"NO",null,null,null,null,null,null,null,null,null,null,null,null,null,null,null,33.333333333333336,null,null,null,null,null,null,null,null,null,null,null,null,null,null,null,null,null,null,null,null,null,null,"01","61","256-260",null,null,null,"9 ปี  1 เดือน  31 วัน  ",53]
[54,null,"2009-09-01",52,null,null,null,null,"Adobe Presenter Licensed 5 ชุด ",5,5082.5,"01.61.261-265",{"$f":"IF(BV59=\"จำหน่าย\",0,SUM(J59*K59))","v":25412.5},{"$f":"IF(K59<5000,0,M59)","v":25412.5},3,"2012-09-01",1096,8470.8333333333339,705.90277777777783,23.186587591240876,0,0,25407.5,0,25407.5,0,5,9,1,31,3348,"NO",null,null,null,null,null,null,null,null,null,null,null,null,null,null,null,33.333333333333336,null,null,null,null,null,null,null,null,null,null,null,null,null,null,null,null,null,null,null,null,null,null,"01","61","261-265",null,null,null,"9 ปี  1 เดือน  31 วัน  ",54]
[55,null,"2009-09-08",52,null,null,null,null,"ซอฟต์แวร์ด้านกราฟฟิกและมัลติมีเดีย CS4 2 ชุด",2,38520,"01.61.254-255",{"$f":"IF(BV60=\"จำหน่าย\",0,SUM(J60*K60))","v":77040},{"$f":"IF(K60<5000,0,M60)","v":77040},3,"2012-09-08",1096,25680,2140,70.291970802919707,0,0,77038,0,77038,0,2,9,1,24,3341,"NO",null,null,null,null,null,null,null,null,null,null,null,null,null,null,null,33.333333333333336,null,null,null,null,null,null,null,null,null,null,null,null,null,null,null,null,null,null,null,null,null,null,"01","61","254-255",null,null,null,"9 ปี  1 เดือน  24 วัน  ",55]
[56,null,"2009-09-09",52,null,null,null,null,"ชุดสื่อการเรียนการสอนภาษาอังกฤษ 1 ชุด",1,802500,"01.61.278",{"$f":"IF(BV61=\"จำหน่าย\",0,SUM(J61*K61))","v":802500},{"$f":"IF(K61<5000,0,M61)","v":802500},3,"2012-09-09",1096,267500,22291.666666666668,732.20802919708024,0,0,802499,0,802499,0,1,9,1,23,3340,"NO",null,null,null,null,null,null,null,null,null,null,null,null,null,null,null,33.333333333333336,null,null,null,null,null,null,null,null,null,null,null,null,null,null,null,null,null,null,null,null,null,null,"01","61","278",null,null,null,"9 ปี  1 เดือน  23 วัน  ",56]
[57,null,"2009-09-24",52,null,null,null,null,"อุปกรณ์ป้องกันระบบเครือข่าย 1 ชุด",1,734020,"01.61.272",{"$f":"IF(BV62=\"จำหน่าย\",0,SUM(J62*K62))","v":734020},{"$f":"IF(K62<5000,0,M62)","v":734020},3,"2012-09-24",1096,244673.33333333334,20389.444444444445,669.72627737226276,0,0,734019,0,734019,0,1,9,1,8,3325,"NO",null,null,null,null,null,null,null,null,null,null,null,null,null,null,null,33.333333333333336,null,null,null,null,null,null,null,null,null,null,null,null,null,null,null,null,null,null,null,null,null,null,"01","61","272",null,null,null,"9 ปี  1 เดือน  8 วัน  ",57]
[58,null,"2009-09-24",52,null,null,null,null,"ระบบจัดเก็บและวิเคราะห์ข้อมูลการจราจรในเครือข่าย 1 ชุด",1,674100,"01.61.273",{"$f":"IF(BV63=\"จำหน่าย\",0,SUM(J63*K63))","v":674100},{"$f":"IF(K63<5000,0,M63)","v":674100},3,"2012-09-24",1096,224700,18725,615.05474452554745,0,0,674099,0,674099,0,1,9,1,8,3325,"NO",null,null,null,null,null,null,null,null,null,null,null,null,null,null,null,33.333333333333336,null,null,null,null,null,null,null,null,null,null,null,null,null,null,null,null,null,null,null,null,null,null,"01","61","273",null,null,null,"9 ปี  1 เดือน  8 วัน  ",58]
[59,null,"2009-09-24",52,null,null,null,null,"อุปกรณ์บริหารจัดการแบนด์วิดท์ 1ชุด",1,697376,"01.61.274",{"$f":"IF(BV64=\"จำหน่าย\",0,SUM(J64*K64))","v":697376},{"$f":"IF(K64<5000,0,M64)","v":697376},3,"2012-09-24",1096,232458.66666666666,19371.555555555555,636.29197080291976,0,0,697375,0,697375,0,1,9,1,8,3325,"NO",null,null,null,null,null,null,null,null,null,null,null,null,null,null,null,33.333333333333336,null,null,null,null,null,null,null,null,null,null,null,null,null,null,null,null,null,null,null,null,null,null,"01","61","274",null,null,null,"9 ปี  1 เดือน  8 วัน  ",59]
[60,null,"2009-09-24",52,null,null,null,null,"ระบบตรวจสอบสิทธิในการใช้งานเครือข่าย 1 ชุด",1,1637100,"01.61.275",{"$f":"IF(BV65=\"จำหน่าย\",0,SUM(J65*K65))","v":1637100},{"$f":"IF(K65<5000,0,M65)","v":1637100},3,"2012-09-24",1096,545700,45475,1493.7043795620439,0,0,1637099,0,1637099,0,1,9,1,8,3325,"NO",null,null,null,null,null,null,null,null,null,null,null,null,null,null,null,33.333333333333336,null,null,null,null,null,null,null,null,null,null,null,null,null,null,null,null,null,null,null,null,null,null,"01","61","275",null,null,null,"9 ปี  1 เดือน  8 วัน  ",60]
[61,null,"2009-11-04",53,null,null,null,null,"ระบบสารสนเทศเพื่อการประกันคุณภาพและการบริหารจัดการ 1 ชุด",1,570000,"01.61.277",{"$f":"IF(BV66=\"จำหน่าย\",0,SUM(J66*K66))","v":570000},{"$f":"IF(K66<5000,0,M66)","v":570000},3,"2012-11-04",1096,190000,15833.333333333334,520.07299270072997,0,0,569999,0,569999,0,1,8,11,28,3284,"NO",null,null,null,null,null,null,null,null,null,null,null,null,null,null,null,33.333333333333336,null,null,null,null,null,null,null,null,null,null,null,null,null,null,null,null,null,null,null,null,null,null,"01","61","277",null,null,null,"8 ปี  11 เดือน  28 วัน  ",61]
[62,null,"2010-12-15",54,null,null,null,null,"ระบบเครือข่ายส่วนตัวเสมือน 1 ระบบ",1,1875000,"01.61.279",{"$f":"IF(BV67=\"จำหน่าย\",0,SUM(J67*K67))","v":1875000},{"$f":"IF(K67<5000,0,M67)","v":1875000},3,"2013-12-15",1096,625000,52083.333333333336,1710.7664233576643,0,0,1874999,0,1874999,0,1,7,10,17,2878,"NO",null,null,null,null,null,null,null,null,null,null,null,null,null,null,null,33.333333333333336,null,null,null,null,null,null,null,null,null,null,null,null,null,null,null,null,null,null,null,null,null,null,"01","61","279",null,null,null,"7 ปี  10 เดือน  17 วัน  ",62]
[63,null,"2011-01-13",54,null,null,null,null,"ระบบเครือข่ายไร้สาย 1 ระบบ",1,618995,"01.61.280",{"$f":"IF(BV68=\"จำหน่าย\",0,SUM(J68*K68))","v":618995},{"$f":"IF(K68<5000,0,M68)","v":618995},3,"2014-01-13",1096,206331.66666666666,17194.305555555555,564.77645985401455,0,0,618994,0,618994,0,1,7,9,19,2849,"NO",null,null,null,null,null,null,null,null,null,null,null,null,null,null,null,33.333333333333336,null,null,null,null,null,null,null,null,null,null,null,null,null,null,null,null,null,null,null,null,null,null,"01","61","280",null,null,null,"7 ปี  9 เดือน  19 วัน  ",63]
[64,null,"2011-01-17",54,null,null,null,null,"ระบบสำรองระบบโทรศัพท์ผ่านเครือข่าย 1 ระบบ",1,997775,"01.61.281",{"$f":"IF(BV69=\"จำหน่าย\",0,SUM(J69*K69))","v":997775},{"$f":"IF(K69<5000,0,M69)","v":997775},3,"2014-01-17",1096,332591.66666666669,27715.972222222223,910.37864963503648,0,0,997774,0,997774,0,1,7,9,15,2845,"NO",null,null,null,null,null,null,null,null,null,null,null,null,null,null,null,33.333333333333336,null,null,null,null,null,null,null,null,null,null,null,null,null,null,null,null,null,null,null,null,null,null,"01","61","281",null,null,null,"7 ปี  9 เดือน  15 วัน  ",64]
[65,null,"2011-07-26",54,null,null,null,null,"โปรแกรมประมวลผลและวิเคราะห์ข้อมูลเชิงสถิติ 1 ชุด",1,337050,"01.61.282",{"$f":"IF(BV70=\"จำหน่าย\",0,SUM(J70*K70))","v":337050},{"$f":"IF(K70<5000,0,M70)","v":337050},3,{"$f":"DATE(YEAR(C70)+O70,MONTH(C70),DAY(C70))","v":"2014-07-26"},{"$f":"IF(NOT(OR(ISBLANK(P70),ISBLANK(C70))),P70-C70,\"\")","v":1096},{"$f":"SLN(N70,,O70)","v":112350},{"$f":"SLN(R70,,12)","v":9362.5},{"$f":"SLN(N70,,Q70)","v":307.52737226277372},{"$f":"IF(N70=0,0,IF(AE70<=Q70,1,0))","v":0},{"$f":"SUM(R70*U70/12)","v":0},{"$f":"IF(N70=0,0,IF((R70*AB70)+(R70*AC70/12)>=N70,N70-J70,((R70*AB70)+(R70*AC70/12))))","v":337049},{"$f":"SUM(T70*U70)","v":0},{"$f":"IF(N70=0,0,IF((DATEDIF(C70,TODAY(),\"d\")+1)*T70>=N70,N70-J70,(DATEDIF(C70,TODAY(),\"d\")+1)*T70))","v":337049},{"$f":"IF(U70=0,0,IF(OR(DAY(C70)=1,MONTH(C70)<>MONTH(TODAY()),YEAR(C70)<>YEAR(TODAY())),T70*((DAY(DATE(YEAR(TODAY()),MONTH(TODAY())+1,1)-1))),T70*((DAY(DATE(YEAR(TODAY()),MONTH(TODAY())+1,1)-1)-DAY(C70)+1))))","v":0},{"$f":"IF(N70=0,0,IF(X70>=N70,(J70),(N70-Y70)))","v":1},{"$f":"DATEDIF(C70,TODAY(),\"Y\")","v":7},{"$f":"DATEDIF(C70,TODAY(),\"YM\")","v":3},{"$f":"DATEDIF(C70,TODAY(),\"md\")+1","v":6},{"$f":"DATEDIF(C70,TODAY(),\"d\")+1","v":2655},{"$f":"IF(N70=0,\"No\",IF(AE70>Q70,\"NO\",\"YES\"))","v":"NO"},null,null,null,null,null,null,null,null,null,null,null,null,null,null,null,{"$f":"100/O70","v":33.333333333333336},null,null,null,null,null,null,null,null,null,null,null,null,null,null,null,null,null,null,null,null,null,null,"01","61","282",null,null,null,{"$f":"CONCATENATE(AB70,\" ปี  \",AC70,\" เดือน  \",AD70,\" วัน  \")","v":"7 ปี  3 เดือน  6 วัน  "},{"$f":"A70","v":65}]
[{"$f":"A70+1","v":66},null,"2011-10-19",55,null,null,null,null,"ระบบสารบรรณอิเล็กทรอนิกส์ (e-Document) จำนวน 1 ชุด",1,980000,"01.61.284",{"$f":"IF(BV71=\"จำหน่าย\",0,SUM(J71*K71))","v":980000},{"$f":"IF(K71<5000,0,M71)","v":980000},3,"2014-10-19",1096,326666.66666666669,27222.222222222223,894.16058394160586,0,0,979999,0,979999,0,1,7,0,13,2570,"NO",null,null,null,null,null,null,null,null,null,null,null,null,null,null,null,33.333333333333336,null,null,null,null,null,null,null,null,null,null,null,null,null,null,null,null,null,null,null,null,null,null,"01","61","284",null,null,null,"7 ปี  0 เดือน  13 วัน  ",66]
[67,null,"2012-08-26",55,null,null,null,null,"ระบบเครือข่ายแบบไร้สาย 1 ระบบ",1,92662,"01.61.285",{"$f":"IF(BV72=\"จำหน่าย\",0,SUM(J72*K72))","v":92662},{"$f":"IF(K72<5000,0,M72)","v":92662},3,"2015-08-26",1095,30887.333333333332,2573.9444444444443,84.622831050228314,0,0,92661,0,92661,0,1,6,2,6,2258,"NO",null,null,null,null,null,null,null,null,null,null,null,null,null,null,null,33.333333333333336,null,null,null,null,null,null,null,null,null,null,null,null,null,null,null,null,null,null,null,null,null,null,"01","61","285",null,null,null,"6 ปี  2 เดือน  6 วัน  ",67]
[68,null,"2013-04-18",56,null,null,null,null,"ระบบป้องกันฟ้าผ่า 1 ระบบ",1,306894,"01.61.302",{"$f":"IF(BV73=\"จำหน่าย\",0,SUM(J73*K73))","v":306894},{"$f":"IF(K73<5000,0,M73)","v":306894},3,"2016-04-18",1096,102298,8524.8333333333339,280.01277372262774,0,0,306893,0,306893,0,1,5,6,14,2023,"NO",null,null,null,null,null,null,null,null,null,null,null,null,null,null,null,33.333333333333336,null,null,null,null,null,null,null,null,null,null,null,null,null,null,null,null,null,null,null,null,null,null,"01","61","302",null,null,null,"5 ปี  6 เดือน  14 วัน  ",68]
[69,null,"2013-04-18",56,null,null,null,null,"ระบบโทรศัพท์ 1 ระบบ",1,444945,"01.61.303",{"$f":"IF(BV74=\"จำหน่าย\",0,SUM(J74*K74))","v":444945},{"$f":"IF(K74<5000,0,M74)","v":444945},3,"2016-04-18",1096,148315,12359.583333333334,405.97171532846716,0,0,444944,0,444944,0,1,5,6,14,2023,"NO",null,null,null,null,null,null,null,null,null,null,null,null,null,null,null,33.333333333333336,null,null,null,null,null,null,null,null,null,null,null,null,null,null,null,null,null,null,null,null,null,null,"01","61","303",null,null,null,"5 ปี  6 เดือน  14 วัน  ",69]
[70,null,"2013-04-18",56,null,null,null,null,"ระบบโทรทัศน์เสาอากาศรวม 1 ระบบ ",1,219048,"01.61.304",{"$f":"IF(BV75=\"จำหน่าย\",0,SUM(J75*K75))","v":219048},{"$f":"IF(K75<5000,0,M75)","v":219048},3,"2016-04-18",1096,73016,6084.666666666667,199.86131386861314,0,0,219047,0,219047,0,1,5,6,14,2023,"NO",null,null,null,null,null,null,null,null,null,null,null,null,null,null,null,33.333333333333336,null,null,null,null,null,null,null,null,null,null,null,null,null,null,null,null,null,null,null,null,null,null,"01","61","304",null,null,null,"5 ปี  6 เดือน  14 วัน  ",70]
[71,null,"2013-05-09",56,null,null,null,null,"ระบบล่อฟ้าและสายดิน 1 ระบบ",1,268394,"01.61.296",{"$f":"IF(BV76=\"จำหน่าย\",0,SUM(J76*K76))","v":268394},{"$f":"IF(K76<5000,0,M76)","v":268394},3,"2016-05-09",1096,89464.666666666672,7455.3888888888896,244.88503649635035,0,0,268393,0,268393,0,1,5,5,23,2002,"NO",null,null,null,null,null,null,null,null,null,null,null,null,null,null,null,33.333333333333336,null,null,null,null,null,null,null,null,null,null,null,null,null,null,null,null,null,null,null,null,null,null,"01","61","296",null,null,null,"5 ปี  5 เดือน  23 วัน  ",71]
[72,null,"2013-05-09",56,null,null,null,null,"ระบบโทรศัพท์ 1 ระบบ",1,90690,"01.61.297",{"$f":"IF(BV77=\"จำหน่าย\",0,SUM(J77*K77))","v":90690},{"$f":"IF(K77<5000,0,M77)","v":90690},3,"2016-05-09",1096,30230,2519.1666666666665,82.746350364963504,0,0,90689,0,90689,0,1,5,5,23,2002,"NO",null,null,null,null,null,null,null,null,null,null,null,null,null,null,null,33.333333333333336,null,null,null,null,null,null,null,null,null,null,null,null,null,null,null,null,null,null,null,null,null,null,"01","61","297",null,null,null,"5 ปี  5 เดือน  23 วัน  ",72]
[73,null,"2013-05-09",56,null,null,null,null,"ระบบอินเตอร์เน็ต 1 ระบบ",1,28890,"01.61.298",{"$f":"IF(BV78=\"จำหน่าย\",0,SUM(J78*K78))","v":28890},{"$f":"IF(K78<5000,0,M78)","v":28890},3,"2016-05-09",1096,9630,802.5,26.35948905109489,0,0,28889,0,28889,0,1,5,5,23,2002,"NO",null,null,null,null,null,null,null,null,null,null,null,null,null,null,null,33.333333333333336,null,null,null,null,null,null,null,null,null,null,null,null,null,null,null,null,null,null,null,null,null,null,"01","61","298",null,null,null,"5 ปี  5 เดือน  23 วัน  ",73]
[74,null,"2013-05-09",56,null,null,null,null,"ระบบสัญญาณแจ้งเตือนเหตุเพลิงไหม้ 1 ระบบ",1,491750,"01.61.299",{"$f":"IF(BV79=\"จำหน่าย\",0,SUM(J79*K79))","v":491750},{"$f":"IF(K79<5000,0,M79)","v":491750},3,"2016-05-09",1096,163916.66666666666,13659.722222222221,448.67700729927009,0,0,491749,0,491749,0,1,5,5,23,2002,"NO",null,null,null,null,null,null,null,null,null,null,null,null,null,null,null,33.333333333333336,null,null,null,null,null,null,null,null,null,null,null,null,null,null,null,null,null,null,null,null,null,null,"01","61","299",null,null,null,"5 ปี  5 เดือน  23 วัน  ",74]
[75,null,"2013-05-09",56,null,null,null,null,"ระบบเสาอากาศทีวีรวม 1 ระบบ",1,292950,"01.61.300",{"$f":"IF(BV80=\"จำหน่าย\",0,SUM(J80*K80))","v":292950},{"$f":"IF(K80<5000,0,M80)","v":292950},3,"2016-05-09",1096,97650,8137.5,267.29014598540147,0,0,292949,0,292949,0,1,5,5,23,2002,"NO",null,null,null,null,null,null,null,null,null,null,null,null,null,null,null,33.333333333333336,null,null,null,null,null,null,null,null,null,null,null,null,null,null,null,null,null,null,null,null,null,null,"01","61","300",null,null,null,"5 ปี  5 เดือน  23 วัน  ",75]
[76,null,"2013-06-26",56,null,null,null,null,"ซอฟท์แวร์สื่อการเรียนการสอนภาษาอังกฤษ 1 ชุด",1,285600,"01.61.286",{"$f":"IF(BV81=\"จำหน่าย\",0,SUM(J81*K81))","v":285600},{"$f":"IF(K81<5000,0,M81)","v":285600},3,"2016-06-26",1096,95200,7933.333333333333,260.58394160583941,0,0,285599,0,285599,0,1,5,4,6,1954,"NO",null,null,null,null,null,null,null,null,null,null,null,null,null,null,null,33.333333333333336,null,null,null,null,null,null,null,null,null,null,null,null,null,null,null,null,null,null,null,null,null,null,"01","61","286",null,null,null,"5 ปี  4 เดือน  6 วัน  ",76]
[77,null,"2013-07-24",56,null,null,null,null,"ระบบล่อฟ้า 2 ชุด",2,255904,"01.61.288-289",{"$f":"IF(BV82=\"จำหน่าย\",0,SUM(J82*K82))","v":511808},{"$f":"IF(K82<5000,0,M82)","v":511808},3,"2016-07-24",1096,170602.66666666666,14216.888888888889,466.978102189781,0,0,511806,0,511806,0,2,5,3,8,1926,"NO",null,null,null,null,null,null,null,null,null,null,null,null,null,null,null,33.333333333333336,null,null,null,null,null,null,null,null,null,null,null,null,null,null,null,null,null,null,null,null,null,null,"01","61","288-289",null,null,null,"5 ปี  3 เดือน  8 วัน  ",77]
[78,null,"2013-07-24",56,null,null,null,null,"ระบบโทรศัพท์ 2 ชุด",2,45345,"01.61.290-291",{"$f":"IF(BV83=\"จำหน่าย\",0,SUM(J83*K83))","v":90690},{"$f":"IF(K83<5000,0,M83)","v":90690},3,"2016-07-24",1096,30230,2519.1666666666665,82.746350364963504,0,0,90688,0,90688,0,2,5,3,8,1926,"NO",null,null,null,null,null,null,null,null,null,null,null,null,null,null,null,33.333333333333336,null,null,null,null,null,null,null,null,null,null,null,null,null,null,null,null,null,null,null,null,null,null,"01","61","290-291",null,null,null,"5 ปี  3 เดือน  8 วัน  ",78]
[79,null,"2013-07-24",56,null,null,null,null,"ระบบอินเตอร์เน็ต 2 ชุด",2,114200,"01.61.292-293",{"$f":"IF(BV84=\"จำหน่าย\",0,SUM(J84*K84))","v":228400},{"$f":"IF(K84<5000,0,M84)","v":228400},3,"2016-07-24",1096,76133.333333333328,6344.4444444444443,208.39416058394161,0,0,228398,0,228398,0,2,5,3,8,1926,"NO",null,null,null,null,null,null,null,null,null,null,null,null,null,null,null,33.333333333333336,null,null,null,null,null,null,null,null,null,null,null,null,null,null,null,null,null,null,null,null,null,null,"01","61","292-293",null,null,null,"5 ปี  3 เดือน  8 วัน  ",79]
[80,null,"2013-07-24",56,null,null,null,null,"ระบบเสาอากาทีวีรวม",2,145530,"01.61.294-295",{"$f":"IF(BV85=\"จำหน่าย\",0,SUM(J85*K85))","v":291060},{"$f":"IF(K85<5000,0,M85)","v":291060},3,"2016-07-24",1096,97020,8085,265.56569343065695,0,0,291058,0,291058,0,2,5,3,8,1926,"NO",null,null,null,null,null,null,null,null,null,null,null,null,null,null,null,33.333333333333336,null,null,null,null,null,null,null,null,null,null,null,null,null,null,null,null,null,null,null,null,null,null,"01","61","294-295",null,null,null,"5 ปี  3 เดือน  8 วัน  ",80]
[81,null,"2013-09-19",56,null,null,null,null,"ระบบเครื่อข่ายใยแก้วนำแสงและระบบเครื่อข่ายอินเตอร์เน็ท",1,1950000,"01.61.287",{"$f":"IF(BV86=\"จำหน่าย\",0,SUM(J86*K86))","v":1950000},{"$f":"IF(K86<5000,0,M86)","v":1950000},3,"2016-09-19",1096,650000,54166.666666666664,1779.1970802919709,0,0,1949999,0,1949999,0,1,5,1,13,1869,"NO",null,null,null,null,null,null,null,null,null,null,null,null,null,null,null,33.333333333333336,null,null,null,null,null,null,null,null,null,null,null,null,null,null,null,null,null,null,null,null,null,null,"01","61","287",null,null,null,"5 ปี  1 เดือน  13 วัน  ",81]
[82,null,"2013-12-18",57,null,null,null,null,"โปรแกรมสำเร็จรูปในการเขียนแบบเครื่องกลยานยนต์ 1 ชุด",1,52999.99,"01.61.301",{"$f":"IF(BV87=\"จำหน่าย\",0,SUM(J87*K87))","v":52999.99},{"$f":"IF(K87<5000,0,M87)","v":52999.99},3,"2016-12-18",1096,17666.663333333334,1472.2219444444445,48.357655109489052,0,0,52998.99,0,52998.99,0,1,4,10,14,1779,"NO",null,null,null,null,null,null,null,null,null,null,null,null,null,null,null,33.333333333333336,null,null,null,null,null,null,null,null,null,null,null,null,null,null,null,null,null,null,null,null,null,null,"01","61","301",null,null,null,"4 ปี  10 เดือน  14 วัน  ",82]
[83,null,"2015-02-08",58,null,null,null,null,"ระบบเครื่อข่ายใยแก้วนำแสง 1 ระบบ",1,1605000,"01.61.305",{"$f":"IF(BV88=\"จำหน่าย\",0,SUM(J88*K88))","v":1605000},{"$f":"IF(K88<5000,0,M88)","v":1605000},3,"2018-02-08",1096,535000,44583.333333333336,1464.4160583941605,0,0,1604999,0,1604999,0,1,3,8,24,1362,"NO",null,null,null,null,null,null,null,null,null,null,null,null,null,null,null,33.333333333333336,null,null,null,null,null,null,null,null,null,null,null,null,null,null,null,null,null,null,null,null,null,null,"01","61","305",null,null,null,"3 ปี  8 เดือน  24 วัน  ",83]
[84,null,"2015-06-11",58,null,null,null,null,"ระบบป้องกันฟ้าผ่า 1 ระบบ",1,413448,"01.61.309",{"$f":"IF(BV89=\"จำหน่าย\",0,SUM(J89*K89))","v":413448},{"$f":"IF(K89<5000,0,M89)","v":413448},3,"2018-06-11",1096,137816,11484.666666666666,377.23357664233578,0,0,413447,0,413447,0,1,3,4,21,1239,"NO",null,null,null,null,null,null,null,null,null,null,null,null,null,null,null,33.333333333333336,null,null,null,null,null,null,null,null,null,null,null,null,null,null,null,null,null,null,null,null,null,null,"01","61","309",null,null,null,"3 ปี  4 เดือน  21 วัน  ",84]
[85,null,"2015-07-05",58,null,null,null,null,"โปรแกรมลิขสิทธิ์ Microsoft Project Professional 1 ชุด",1,35310,"01.61.306",{"$f":"IF(BV90=\"จำหน่าย\",0,SUM(J90*K90))","v":35310},{"$f":"IF(K90<5000,0,M90)","v":35310},3,"2018-07-05",1096,11770,980.83333333333337,32.217153284671532,0,0,35309,0,35309,0,1,3,3,27,1215,"NO",null,null,null,null,null,null,null,null,null,null,null,null,null,null,null,33.333333333333336,null,null,null,null,null,null,null,null,null,null,null,null,null,null,null,null,null,null,null,null,null,null,"01","61","306",null,null,null,"3 ปี  3 เดือน  27 วัน  ",85]
[86,null,"2015-07-15",58,null,null,null,null,"โปรแกรมวิเคราะห์ข้อมูล 2 ชุด",2,45475,"01.61.307-308",{"$f":"IF(BV91=\"จำหน่าย\",0,SUM(J91*K91))","v":90950},{"$f":"IF(K91<5000,0,M91)","v":90950},3,"2018-07-15",1096,30316.666666666668,2526.3888888888891,82.983576642335763,0,0,90948,0,90948,0,2,3,3,17,1205,"NO",null,null,null,null,null,null,null,null,null,null,null,null,null,null,null,33.333333333333336,null,null,null,null,null,null,null,null,null,null,null,null,null,null,null,null,null,null,null,null,null,null,"01","61","307-308",null,null,null,"3 ปี  3 เดือน  17 วัน  ",86]
[87,null,"2015-08-31",58,null,null,null,null,"ระบบติดตามการให้คำปรึกษา 1 ชุด",1,54035,"01.61.310",{"$f":"IF(BV92=\"จำหน่าย\",0,SUM(J92*K92))","v":54035},{"$f":"IF(K92<5000,0,M92)","v":54035},3,"2018-08-31",1096,18011.666666666668,1500.9722222222224,49.302007299270073,0,0,54034,0,54034,0,1,3,2,1,1158,"NO",null,null,null,null,null,null,null,null,null,null,null,null,null,null,null,33.333333333333336,null,null,null,null,null,null,null,null,null,null,null,null,null,null,null,null,null,null,null,null,null,null,"01","61","310",null,null,null,"3 ปี  2 เดือน  1 วัน  ",87]
[88,null,"2015-08-31",58,null,null,null,null,"ระบบกำกับมาตรฐานหลักสูตร 1 ชุด",1,40446,"01.61.311",{"$f":"IF(BV93=\"จำหน่าย\",0,SUM(J93*K93))","v":40446},{"$f":"IF(K93<5000,0,M93)","v":40446},3,"2018-08-31",1096,13482,1123.5,36.903284671532845,0,0,40445,0,40445,0,1,3,2,1,1158,"NO",null,null,null,null,null,null,null,null,null,null,null,null,null,null,null,33.333333333333336,null,null,null,null,null,null,null,null,null,null,null,null,null,null,null,null,null,null,null,null,null,null,"01","61","311",null,null,null,"3 ปี  2 เดือน  1 วัน  ",88]
[89,null,"2015-08-31",58,null,null,null,null,"ระบบติดตามการขอตำแหน่งทางวิชาการ",1,75435,"01.61.312",{"$f":"IF(BV94=\"จำหน่าย\",0,SUM(J94*K94))","v":75435},{"$f":"IF(K94<5000,0,M94)","v":75435},3,"2018-08-31",1096,25145,2095.4166666666665,68.827554744525543,0,0,75434,0,75434,0,1,3,2,1,1158,"NO",null,null,null,null,null,null,null,null,null,null,null,null,null,null,null,33.333333333333336,null,null,null,null,null,null,null,null,null,null,null,null,null,null,null,null,null,null,null,null,null,null,"01","61","312",null,null,null,"3 ปี  2 เดือน  1 วัน  ",89]
[90,"02-00059/59","2015-12-03",59,"สอบราคา","รายได้","06-01-02-016","บริษัท เอ.เอส.เทคโนโลยี แอนด์ คอมมูนิเคชั่น จำกัด ","ระบบเครื่อข่ายสายใยแก้วนำแสง 1 ชุด",1,49220,"01.61.314",{"$f":"IF(BV95=\"จำหน่าย\",0,SUM(J95*K95))","v":49220},{"$f":"IF(K95<5000,0,M95)","v":49220},3,"2018-12-03",1096,16406.666666666668,1367.2222222222224,44.908759124087588,1,1367.2222222222224,46485.555555555562,44.908759124087588,47782.919708029192,1392.1715328467153,1437.0802919708076,2,10,29,1064,"YES","7","135","สำนักวิทยบริการฯ","-","นายไพรสิทธิ์ ศรีสุทธิเกิดพร","ระบบเครื่อข่ายสายใยแก้วนำแสง",null,"ระบบเครือข่ายสายใยแก้วนำแสง",null,"เลขที่ 139/17 ซ.คู้บอน27 แยก25 แขวงท่าแร้ง เขตบางเขน กรุงเทพฯ เลขที่ผู้เสียภาษี 0105537018089","ใบกำกับภาษี/ใบส่งสินค้า/ใบแจ้งหนี้","-","IV0027720","1/2559 ลว.20 ต.ค 58","063/2559",33.333333333333336,"ชื่อสัญญาเรื่อง ซื้อและติดตั้งสายสัญญาณเครือข่ายพร้อมอุปกรณ์ จำนวน 3 รายการ",null,null,null,null,null,null,null,null,null,null,null,null,null,null,null,null,null,null,null,null,null,"01","61","314",null,null,null,"2 ปี  10 เดือน  29 วัน  ",90]
[91,"02-00058/59","2015-12-04",59,"ตกลงราคา","รายได้","02-02-01-034","ร้านนายวิหาญ อำภา","ระบบข้อมูลภาวะการมีงานทำของบัณฑิต 1 ชุด",1,94909,"01.61.313",{"$f":"IF(BV96=\"จำหน่าย\",0,SUM(J96*K96))","v":94909},{"$f":"IF(K96<5000,0,M96)","v":94909},3,"2018-12-04",1096,31636.333333333332,2636.3611111111109,86.595802919708035,1,2636.3611111111109,89636.277777777781,86.595802919708035,92051.338503649647,2684.469890510949,2857.6614963503525,2,10,28,1063,"YES","7","135","สำนักส่งเสริมวิชาการงานทะเบียน","-","นายชาญชัย ศิริงาม","โปรแกรมระบบข้อมมูลภาวะการมีงานทำของบัณฑิต",null,"โปรแกรมระบบข้อมมูลภาวะการมีงานทำของบัณฑิต","-","เลขที่ 48 ม.2 ต.วังหิน อ.วังหิน จ.ศรีสะเกษ เลขประจำตัวประชาชน 1330100013291","ต้นฉบับใบส่งของ-บริการ","-","20150826OM","-","061/2559",33.333333333333336,null,null,null,null,null,null,null,null,null,null,null,null,null,null,null,null,null,null,null,null,null,null,"01","61","313",null,null,null,"2 ปี  10 เดือน  28 วัน  ",91]
[92,"02-0017/59","2016-08-23",59,"ตกลงราคา","รายได้","06-01-02-086","บริษัท คอมแพทบิส จำกัด","โปรแกรมบริหารสินค้าคงคลัง",1,4269.3,"01.61.318",{"$f":"IF(BV97=\"จำหน่าย\",0,SUM(J97*K97))","v":4269.3},{"$f":"IF(K97<5000,0,M97)","v":0},3,"2019-08-23",1095,0,0,0,0,0,0,0,0,0,0,2,2,9,800,"No","7","135","พัสดุ","-","นางสาวหนึ่งฤทัย มังกรแก้ว","โปรแกรมบริหารสินค้าคงคลัง",null,"โปรแกรมบริหารสินค้าคงคลัง",null,"เลขที่ 29/1333 ซ.หทัยราษฎร์ 39 แขวงสามวาตะวันตก เขตคลองสามวา กรุงเทพฯ เลขผู้เสียภาษี 0105559019894","ใบแจ้งหนี้/invoice","-","IV2016/020","-","145/2559",33.333333333333336,"-"," "," "," "," "," "," "," "," "," "," "," "," "," "," "," "," "," "," "," "," "," ","01","61","318",null,null,null,"2 ปี  2 เดือน  9 วัน  ",92]
[93,"-","2017-08-10",60,"ตกลงราคา","รายได้","-","นายสุรัตน์ หารวย","โปรแกรมคอมพิวเตอร์หรือซอฟแวร์ 1 ชุด",1,20000,"01.61.322",{"$f":"IF(BV98=\"จำหน่าย\",0,SUM(J98*K98))","v":20000},{"$f":"IF(K98<5000,0,M98)","v":20000},3,"2020-08-10",1096,6666.666666666667,555.55555555555554,18.248175182481752,1,555.55555555555554,7777.7777777777783,18.248175182481752,8175.1824817518245,565.69343065693431,11824.817518248175,1,2,22,448,"YES","7","136","กองพัฒนานักศึกษา","-","นางสาวปรัชญา มานะสะสมเงิน","โปรแกรมคอมพิวเตอร์หรือซอฟแวร์ ",null,"โปรแกรมคอมพิวเตอร์หรือซอฟแวร์ ","-","เลขที่ 35 ม.7 ต.นาโพธิ์ อ.พิบูลมังสาหาร จ.อุบลราชธานี เลขประจำตัวบัตรประชาชน 3341900437963","บิลเงินสด","-","-","-","160/2560",33.333333333333336,null," "," "," "," "," "," "," "," "," "," "," "," "," "," "," "," "," "," "," "," "," ","01","61","322",null,null,null,"1 ปี  2 เดือน  22 วัน  ",93]
[94,"03-01274/2560","2017-08-18",60,"ตกลงราคา","รายได้","02-01-02-018","นางสาวสุมณฑา พิสิฏฐศักดิ์","ระบบสารสนเทศเพื่อการบริหารจัดการสาขาวิชา 1 หน่วย",1,90000,"01.61.323",{"$f":"IF(BV99=\"จำหน่าย\",0,SUM(J99*K99))","v":90000},{"$f":"IF(K99<5000,0,M99)","v":90000},3,"2020-08-18",1096,30000,2500,82.116788321167888,1,2500,35000,82.116788321167888,36131.386861313869,2545.6204379562046,53868.613138686131,1,2,14,440,"YES","7","136","คณะเทคโนโลยีอุตสาหกรรม","-","นายชัชวาล มงคล","ระบบสารสนเทศเพื่อการบริหารจัดการสาขาวิชา ",null,"ระบบสารสนเทศเพื่อการบริหารจัดการสาขาวิชา ","-","เลขที่ 303/69 ถ.มหาจักรพรรดิ์ ต.หน้าเมือง องเมือง จ.ฉะเชิงเทรา เลขผู้เสียภาษี 1249900238792","ใบส่งสินค้า","-","-","-","177/2560",33.333333333333336,null," "," "," "," "," "," "," "," "," "," "," "," "," "," "," "," "," "," "," "," "," ","01","61","323",null,null,null,"1 ปี  2 เดือน  14 วัน  ",94]
[95,"03-00024/2561","2018-02-13",61,"ตกลงราคา","รายได้","06-01-098-001","นางสาวสวิณี พระเสวก","ระบบฐานข้อมูลตรวจสอบภายใน 1 ระบบ",1,19800,"01.61.324",{"$f":"IF(BV100=\"จำหน่าย\",0,SUM(J100*K100))","v":19800},{"$f":"IF(K100<5000,0,M100)","v":19800},3,"2021-02-13",1096,6600,550,18.065693430656935,1,550,4400,18.065693430656935,4715.1459854014602,560.03649635036504,15084.854014598539,0,8,19,261,"YES","7","136","หน่วยตรวจสอบภายใน","-","นางสาวอรณัฐ ผาแก้ว","ระบบฐานข้อมูลตรวจสอบภายใน ",null,"ระบบฐานข้อมูลตรวจสอบภายใน ",null,"เลขที่ 168/5 ม.12 ต.บ้านไร่ ต.ลาดยาว จ.นครสวรรค์ เลขบัตรประชาชน 1801100190565","ใบส่งมอบงาน ลว.13 ก.พ 61","-","-","-","040/2561",33.333333333333336,null," "," "," "," "," "," "," "," "," "," "," "," "," "," "," "," "," "," "," "," "," ","01","61","324",null,null,null,"0 ปี  8 เดือน  19 วัน  ",95]
[96,"61011764","2018-05-23",61,"ตกลงราคา","รายได้","20620102c331","บริษัท นากาอินโนเวชั่น จำกัด","โปรแกรมสำเร็จรูปการบริหารงานงบประมาณและการเงินการบัญชี 3 มิติ",1,500000,"01.61.325",{"$f":"IF(BV101=\"จำหน่าย\",0,SUM(J101*K101))","v":500000},{"$f":"IF(K101<5000,0,M101)","v":500000},3,"2021-05-23",1096,166666.66666666666,13888.888888888889,456.20437956204381,1,13888.888888888889,69444.444444444438,456.20437956204381,73905.109489051101,14142.335766423359,426094.8905109489,0,5,9,162,"YES","7","136","งานเงิน",null,"นางสาวปัญญารัตน์ สมศักดิ์","โปรแกรมสำเร็จรูปการบริหารงานงบประมาณและการเงินการบัญชี 3 มิติ",null,"โปรแกรมสำเร็จรูปการบริหารงานงบประมาณและการเงินการบัญชี 3 มิติ",null,"เลขที่ 600/50 ถ.มิตรภาพ ต.ในเมือง อ.เมือง จ.พิษณุโลก เลขผู้เสียภาษี 06555540000465","ใบส่งสินค้า/ใบส่งมอบงาน","-","6105001","17/2561 ลว.21 มี.ค 61","084/2561",33.333333333333336,null," "," "," "," "," "," "," "," "," "," "," "," "," "," "," "," "," "," "," "," "," ","01","61","325",null,null,null,"0 ปี  5 เดือน  9 วัน  ",96]
[{"$f":"A101+1","v":97},"61014655","31/8/2018",61,"ตกลงราคา","รายได้","202202050231","บริษัท ไอทีพี (2015) จำกัด","โปรแกรมการพัฒนาระบบสารสนเทศการรับสมัคร นศ. 1 ชุด",1,84000,"01.61.136",{"$f":"IF(BV102=\"จำหน่าย\",0,SUM(J102*K102))","v":84000},{"$f":"IF(K102<5000,0,M102)","v":84000},3,{"$f":"DATE(YEAR(C102)+O102,MONTH(C102),DAY(C102))","v":"2021-08-31"},{"$f":"IF(NOT(OR(ISBLANK(P102),ISBLANK(C102))),P102-C102,\"\")","v":1096},{"$f":"SLN(N102,,O102)","v":28000},{"$f":"SLN(R102,,12)","v":2333.3333333333335},{"$f":"SLN(N102,,Q102)","v":76.642335766423358},{"$f":"IF(N102=0,0,IF(AE102<=Q102,1,0))","v":1},{"$f":"SUM(R102*U102/12)","v":2333.3333333333335},{"$f":"IF(N102=0,0,IF((R102*AB102)+(R102*AC102/12)>=N102,N102-J102,((R102*AB102)+(R102*AC102/12))))","v":4666.666666666667},{"$f":"SUM(T102*U102)","v":76.642335766423358},{"$f":"IF(N102=0,0,IF((DATEDIF(C102,TODAY(),\"d\")+1)*T102>=N102,N102-J102,(DATEDIF(C102,TODAY(),\"d\")+1)*T102))","v":4751.824817518248},{"$f":"IF(U102=0,0,IF(OR(DAY(C102)=1,MONTH(C102)<>MONTH(TODAY()),YEAR(C102)<>YEAR(TODAY())),T102*((DAY(DATE(YEAR(TODAY()),MONTH(TODAY())+1,1)-1))),T102*((DAY(DATE(YEAR(TODAY()),MONTH(TODAY())+1,1)-1)-DAY(C102)+1))))","v":2375.912408759124},{"$f":"IF(N102=0,0,IF(X102>=N102,(J102),(N102-Y102)))","v":79248.175182481747},{"$f":"DATEDIF(C102,TODAY(),\"Y\")","v":0},{"$f":"DATEDIF(C102,TODAY(),\"YM\")","v":2},{"$f":"DATEDIF(C102,TODAY(),\"md\")+1","v":1},{"$f":"DATEDIF(C102,TODAY(),\"d\")+1","v":62},{"$f":"IF(N102=0,\"No\",IF(AE102>Q102,\"NO\",\"YES\"))","v":"YES"},"7","136","สำนักส่งเสริมวิชาการงานทะบียน",null,"นายชาญชัย ศิริงาม","โปรแกรมการพัฒนาระบบสารสนเทศการรับสมัคร นศ",null,"โปรแกรมการพัฒนาระบบสารสนเทศการรับสมัคร นศ",null,"เลขที่ 225 ซ.หมู่บ้านพิบูลวัฒนา ถ.พระราม6 แขวงสามเสนใน เขตพญาไทย กรุงเทพฯ เลขผู้เสียภาษี 0105558133430 ","ใบส่งของ","-","ITP-DO61-003",null,"170/61",{"$f":"100/O102","v":33.333333333333336},"โปรแกรมการพัฒนาระบบสารสนเทศการรับสมัครนักศึกษาและประชาสัมพันธ์งานด้านวิชาการในรูปแบบโมบายล์แอปพลิเคชั่น"," "," "," "," "," "," "," "," "," "," "," "," "," ",null," "," "," "," "," "," "," ","01","61","136"," ",null,"9/12/2018",{"$f":"CONCATENATE(AB102,\" ปี  \",AC102,\" เดือน  \",AD102,\" วัน  \")","v":"0 ปี  2 เดือน  1 วัน  "},{"$f":"A102","v":97}]

{"sheet":"report1","index":2,"n_rows":28,"n_cols":9,"rows_kept":28,"cut":false,"hidden":false,"merged":[[1,0,1,5],[0,0,0,4]]}
[" มหาวิทยาลัยราชภัฏราชนครินทร์ (สินทรัพย์ไม่มีตัวตน)",null,null,null,null,"ข้อมูล ณ วันที่",{"$f":"TODAY()","v":"2018-10-31"}]
[" บัญชีรายการค่าเสื่อมราคาและค่าเสื่อมราคาสะสม สินทรัพย์ไม่มีตัวตน ประจำเดือน ตุลาคม ปีงบประมาณ 2562"]
[null,"ปีงบประมาณ","ราคาทุน ที่คิดค่าเสื่อม","ค่าเสื่อมราคาเดือนปัจจุบัน","ค่าเสื่อมราคาสะสม","ผลรวม ของ มูลค่าสุทธิ   "]
[null,40,1134630,0,1134628,2]
[null,41,97900,0,97899,1]
[null,42,258180,0,258177,3]
[null,44,3074710,0,3074704,6]
[null,46,3467000,0,3466994,6,null,null," "]
[null,47,94131.88,0,94129.88,2]
[null,48,1061967.8500000001,0,1061961.8500000001,6]
[null,49,14296100,0,14296096,4,null,null," "]
[null,50,669729.11,0,669726.11,3]
[null,51,7921340.0800000001,0,7921312.0800000001,28,null," "]
[null,52,13019893.5,0,13019869.5,24,null,null," "]
[null,53,570000,0,569999,1]
[null,54,3828820,0,3828816,4]
[null,55,1072662,0,1072660,2,null," "]
[null,56,5501119,0,5501101,18,null," "]
[null,57,52999.99,0,52998.99,1,null," "]
[null,58,2314624,0,2314616,8]
[null,59,144129,4076.6414233576643,139834.25821167883,4294.7417883211601]
[null,60,110000,3111.3138686131388,44306.569343065697,65693.430656934303]
[null,61,603800,17078.284671532849,83372.080291970808,520427.91970802919]
[null,"ผลรวมสุทธิ",59293736.410000004,24266.239963503653,58703201.317846723,590535.0921532847,null," "," "]
[null,null,null,null,null,null,null," "]
[null,null,null,null,null,null,null," "]
[null,null,null,null,null,null," "]
[null,null,null,null," "," ",null," "]

{"sheet":"report2","index":3,"n_rows":9,"n_cols":3,"rows_kept":9,"cut":false,"hidden":false,"merged":[[1,0,1,4]]}
[]
["รายงานหน่วยงานที่รับผิดชอบ"]
[]
["หน่วยงาน","หน่วยตรวจสอบภายใน"]
["สาขา","(ทั้งหมด)"]
[]
["ปีงบประมาณ","จำนวน ","ผลรวมราคาทุนรวม"]
[61,1,19800]
["ผลรวมทั้งหมด",1,19800]

{"sheet":"report3","index":4,"n_rows":9,"n_cols":3,"rows_kept":9,"cut":false,"hidden":false,"merged":[[1,1,1,4]]}
[]
[null,"รายงานผู้เบิก"]
[]
["หน่วยงาน","หน่วยตรวจสอบภายใน"]
["ผู้เบิก","(ทั้งหมด)"]
[]
["ปีงบประมาณ","จำนวน ","ผลรวมราคาทุนรวม"]
[61,1,19800]
["ผลรวมทั้งหมด",1,19800]

{"sheet":"report4","index":5,"n_rows":9,"n_cols":3,"rows_kept":9,"cut":false,"hidden":false,"merged":[[1,1,1,3]]}
[]
[null,"รายงานครุภัณฑ์"]
[]
["หมวด","(หลายรายการ)"]
["ประเภท","61"]
["หมายเลข","(ทั้งหมด)"]
[]
["ปีงบประมาณ","จำนวน ","ผลรวม มูลค่าสุทธิ   "]
["ผลรวมทั้งหมด"]

{"sheet":"ทะเบียนคุมทรัพย์สิน","index":6,"n_rows":32,"n_cols":14,"rows_kept":32,"cut":false,"hidden":false,"merged":[[12,2,12,4],[31,2,31,5],[28,2,28,5],[32,7,32,8],[0,0,0,14],[24,12,24,14],[25,12,25,14],[26,12,26,14],[27,12,27,14],[24,7,24,8],[25,7,25,8],[26,7,26,8],[27,7,27,8],[2,12,2,14],[6,8,6,14],[8,5,8,6],[32,12,32,14],[28,12,28,14],[29,12,29,14],[30,12,30,14],[31,12,31,14],[14,2,14,4],[15,2,15,4],[22,7,22,8],[22,2,22,4],[27,2,27,5],[25,2,25,5],[26,2,26,5],[24,2,24,5],[6,3,6,6],[8,2,8,3],[9,2,9,3],[32,9,32,11],[31,9,31,11],[27,9,27,11],[28,9,28,11],[29,9,29,11],[30,9,30,11],[32,2,32,5],[30,7,30,8],[31,7,31,8],[29,2,29,5],[28,7,28,8],[29,7,29,8],[30,2,30,5],[8,9,8,10],[9,12,9,14],[19,13,19,14],[26,9,26,11],[25,9,25,11],[24,9,24,11],[20,13,20,14],[16,13,16,14],[4,7,4,9],[3,7,3,9],[3,1,3,4],[4,1,4,4],[5,2,5,14],[3,12,3,14],[8,7,8,8],[1,8,1,14],[18,2,18,4],[19,2,19,4],[20,2,20,4],[17,13,17,14],[18,13,18,14],[16,2,16,4],[17,2,17,4],[7,1,7,14],[12,13,12,14],[13,13,13,14],[14,13,14,14],[15,13,15,14],[9,9,9,10],[13,2,13,4]]}
["ทะเบียนคุมทรัพย์สิน"]
[null,null,null,null,null,null,null,null,"ส่วนราชการ มหาวิทยาลัยราชภัฏราชนครินทร์"]
[null,null,null,null,null," ",null,null," ",null,null,"หน่วยงาน","หน่วยงาน"]
["ประเภท","ปรถเภท",null,null,null,"ลักษณะ/คุณสมบัติ",null,"ลักษณะ/คุณสมบัติ",null,null,null,"สาขา","สาขา"]
["รหัส","02.01.10",null,null,null,"รุ่น/แบบ/ขนาด",null,"รุ่น/แบบ/ขนาด"]
["หมายเลขเครื่อง",null,"หมายเลขเครื่อง"]
["สถานที่ตั้ง/หน่วยงานที่รับผิดชอบ",null,null,"หน่วยงาน",null,null,null,"ชื่อผู้ขาย","บริษัท/ร้านค้า"]
["ที่อยู่","ที่อยู่ผู้ขาย"]
["ประเภทเงิน",null,"ประเภท",null,"วิธีการได้มา","วิธีการที่ได้มา",null,"ชื่อผู้รับของ/ผู้รับผิดชอบ",null,"ผู้เบิก"]
["เอกสารอ้างอิง",null,"เอกสารอ้างอิง",null,"ใบเสร็จเล่มที่","ใบเสร็จเล่มที่","ใบเสร็จเลขที่","ใบเสร็จเลขที่","สัญญาเลขที่","สัญญาเลขที่",null,"เลขที่ใบเบิก","เลขที่ใบเบิกพัสดุ"]
[null,null,null,null,null,null,null,null," ","เล่ม","คุมเล่ม","คุมหน้า"]
[]
["วันที่ เดือน ปี","ที่เอกสาร","รายการ",null,null,"จำนวน","    ราคา     ต่อหน่วย","มูลค่ารวม","อายุการใช้งาน","อัตราค่าเสื่อมราคา %","ค่าเสื่อมราคาประจำปี","ค่าเสื่อมราคาสะสม","มูลค่าสุทธิ","หมายเหตุ"]
["2018-07-15","อกสาร","รถยนต์เก๋ง 4 ประตู 1 คัน",null,null,1,1190000,1190000,1,100,1190000,16301.369863013701,1173698.63013699,"หมายเหตุ"]
[]
[]
[]
[]
[]
[]
[]
[]
["ประเภทครุภัณฑ์",null,"ปรถเภท",null,null,null,"หมายเลขครุภัณฑ์","02.01.10"]
[]
["ครั้งที่","วัน เดือน ปี","รายการ",null,null,null,"จำนวนหน่วย","จำนวนเงิน",null,"ร้าน/หจก./บริษัทที่รับซ่อม",null,null,"หมายเหตุ/เอกสารอ้างอิง"]
["ซI","ซII","ซIII",null,null,null,"ซIv","ซv",null,"ซvi",null,null,"ซvii"]
["ซI LL","ซII LL","ซIIILL",null,null,null,"ซIvLL","ซvLL",null,"ซviLL",null,null,"ซviiLL"]
["ซILLL","ซIILLL","ซIIILLL",null,null,null,"ซIvLLL","ซvLLL",null,"ซviLLL",null,null,"ซviiLLL"]
[]
[]
[]
[null,null," ",null,null,null,null," "]

{"sheet":" Search","index":7,"n_rows":22,"n_cols":7,"rows_kept":22,"cut":false,"hidden":false,"merged":[[0,4,0,5],[10,4,10,5],[11,4,11,5],[12,4,12,5],[1,0,1,1],[8,4,8,5],[9,4,9,5],[1,4,1,5],[3,4,3,5],[5,4,5,5],[6,4,6,5],[7,4,7,5],[4,4,4,5],[3,1,3,2],[2,0,2,6]]}
[null,null,null,null,"ข้อมูล ณ วันที่ :",null,{"$f":"TODAY()","v":"2018-10-31"}]
["ค้นหาครุภัณฑ์รายตัว",null,null,null," ",null," "]
["โปรดระบุหมายเลขครุภัณฑ์ที่ต้องการทราบรายละเอียด ในช่อง \"เลขครุภัณฑ์\""]
["เลขครุภัณฑ์ :","01.61.324",null,null,"ลำดับการบันทึก :",null,{"$f":"VLOOKUP(B4,'40-now'!L:BZ,67,FALSE)","v":95}]
["รายการ :",{"$f":"VLOOKUP(G4,'40-now'!A:BZ,9,FALSE)","v":"ระบบฐานข้อมูลตรวจสอบภายใน 1 ระบบ"},null,null,"วันที่บันทึก :",null,{"$f":"VLOOKUP(G4,'40-now'!A:BZ,76,FALSE)","v":0}]
["วันที่ได้มา :",{"$f":"VLOOKUP(G4,'40-now'!A:BZ,3,FALSE)","v":"2018-02-13"},null,null,"ปีงบประมาณ :",null,{"$f":"VLOOKUP(G4,'40-now'!A:BZ,4,FALSE)","v":61}]
["จำนวน :",{"$f":"VLOOKUP(G4,'40-now'!A:BZ,10,FALSE)","v":1},null,null,"วิธีการได้มา :",null,{"$f":"VLOOKUP(G4,'40-now'!A:BZ,5,FALSE)","v":"ตกลงราคา"}]
["ราคาต่อหน่วย :",{"$f":"VLOOKUP(G4,'40-now'!A:BZ,11,FALSE)","v":19800}," บาท",null,"ประเภทงบประมาณ :",null,{"$f":"VLOOKUP(G4,'40-now'!A:BZ,6,FALSE)","v":"รายได้"}]
["ราคารวม :",{"$f":"VLOOKUP(G4,'40-now'!A:BZ,13,FALSE)","v":19800}," บาท",null,"ทะเบียนคุมเล่มที่ :",null,{"$f":"VLOOKUP(G4,'40-now'!A:BZ,33,FALSE)","v":"7"}]
["อายุการใช้งาน :",{"$f":"VLOOKUP(G4,'40-now'!A:BZ,15,FALSE)","v":3}," ปี",null,"ทะเบียนคุมหน้าที่ :",null,{"$f":"VLOOKUP(G4,'40-now'!A:BZ,34,FALSE)","v":"136"}]
["ใช้งานมาแล้ว :",{"$f":"VLOOKUP(G4,'40-now'!A:BZ,77,FALSE)","v":"0 ปี  8 เดือน  19 วัน  "},null,null,"หน่วยงาน :",null,{"$f":"VLOOKUP(G4,'40-now'!A:BZ,35,FALSE)","v":"หน่วยตรวจสอบภายใน"}]
["ค่าเสื่อมราค่าต่อวัน :",{"$f":"VLOOKUP(G4,'40-now'!A:BZ,20,FALSE)","v":18.065693430656935}," บาท",null,"สาขา :",null,{"$f":"VLOOKUP(G4,'40-now'!A:BZ,36,FALSE)","v":"-"}]
["ค่าเสื่อมราคาสะสม :",{"$f":"VLOOKUP(G4,'40-now'!A:BZ,25,FALSE)","v":4715.1459854014602}," บาท",null,"ผู้เบิก :",null,{"$f":"VLOOKUP(G4,'40-now'!A:BZ,37,FALSE)","v":"นางสาวอรณัฐ ผาแก้ว"}]
["มูลค่าสุทธิ :",{"$f":"VLOOKUP(G4,'40-now'!A:BZ,27,FALSE)","v":15084.854014598539}," บาท",null," "]
[null,null,null,null," "]
[null,null,null,null," "]
[null,null,null,null," ",null," "]
[null,null,null,null," ",null," "]
[null,null,null,null," "]
[null,null,null,null," "]
[null,null,null,null," "]
[null,null,null,null," "]

{"sheet":"Sheet2","index":8,"n_rows":12,"n_cols":21,"rows_kept":12,"cut":false,"hidden":true,"merged":[]}
[]
[null,null,null,null,null,null,{"$f":"IF(U2=0,0,IF(OR(DAY(C2)=1,MONTH(C2)<>MONTH(TODAY()),YEAR(C2)<>YEAR(TODAY())),T2*((DAY(DATE(YEAR(C2),MONTH(C2)+1,1)-1))),T2*((DAY(DATE(YEAR(C2),MONTH(C2)+1,1)-1)-DAY(C2)+1))))","v":0}]
[null,null,{"$f":"IF(U6=0,0,IF(DAY(C6)=1,T6*(DAY(DATE(YEAR(C6),MONTH(C6)+1,1)-1)),T6*(DAY(DATE(YEAR(C6),MONTH(C6)+1,1)-1)-DAY(C6)+1)))","v":24},null,null,null,0]
[null,null,{"$f":"IF(U6=0,0,IF(OR(DAY(C6)=1,MONTH(C6)<>MONTH(TODAY()),YEAR(C6)<>YEAR(TODAY())),(DAY(DATE(YEAR(C6),MONTH(C6)+1,1)-1)),(DAY(DATE(YEAR(C6),MONTH(C6)+1,1)-1)-DAY(C6)+1)))","v":31},{"$f":"IF(DAY(C6)=1&(MONTH(C6)<>MONTH(TODAY()))&(YEAR(C6)<>YEAR(TODAY())),(DAY(DATE(YEAR(C6),MONTH(C6)+1,1)-1)),(DAY(DATE(YEAR(C6),MONTH(C6)+1,1)-1)-DAY(C6)+1))","v":12},{"$f":"IF(DAY(C3)<=15,DATEDIF(C3,TODAY(),\"YM\")+1,IF(DAY(C3)=31,DATEDIF(C3,TODAY(),\"YM\")+1,IF(DAY(C3)=30,DATEDIF(C3,TODAY(),\"YM\")+1,IF(DAY(C3)=29,DATEDIF(C3,TODAY(),\"YM\")+1,DATEDIF(C3,TODAY(),\"YM\")))))","v":9},null,0,null,null,null,null,null,null,null,null,null,null,null,null,null,1]
[null,null,{"$f":"IF(U6=0,0,IF(DAY(C6)=1,(DAY(DATE(YEAR(C6),MONTH(C6)+1,1)-1)),(DAY(DATE(YEAR(C6),MONTH(C6)+1,1)-1)-DAY(C6)+1)))","v":12},null,null,null,0,null,null,null,null,null,null,null,null,null,null,null,null,null,0]
[null,null,"2017-08-20",null,null,null,{"$f":"IF(U6=0,0,IF(OR(DAY(C6)=1,MONTH(C6)<>MONTH(TODAY()),YEAR(C6)<>YEAR(TODAY())),((DAY(DATE(YEAR(TODAY()),MONTH(TODAY())+1,1)-1))),((DAY(DATE(YEAR(TODAY()),MONTH(TODAY())+1,1)-1)-DAY(C6)+1))))","v":31},null,null,null,null,null,null,null,null,null,null,null,null,2,1]
[null,null,null,null,null,null,{"$f":"IF(U6=0,0,IF(OR(DAY(C6)=1,MONTH(C6)<>MONTH(TODAY()),YEAR(C6)<>YEAR(TODAY())),((DAY(DATE(YEAR(C6),MONTH(C6)+1,1)-1))),((DAY(DATE(YEAR(C6),MONTH(C6)+1,1)-1)-DAY(C6)+1))))","v":31}]
[null,null,null,null,null,null,{"$f":"(DAY(DATE(YEAR(TODAY()),MONTH(TODAY())+1,1)-1))","v":31}]
[]
[]
[]
[null,null,null,null,null,null,null," "]